{"text_format":"3","workbook":"xls","n_sheets":3,"sheets":["Sheet4","Sheet2","Sheet1"],"not_rendered":{"external_links":2,"defined_names":3},"read":"whole","date_system":"1900","formulas":"cached_only"}

{"sheet":"Sheet4","index":0,"n_rows":313,"n_cols":9,"rows_kept":313,"merged":[[0,0,0,8],[1,0,2,0],[1,1,2,1],[1,2,2,2],[1,3,2,3],[1,4,2,4],[1,5,2,5],[1,6,2,6],[1,7,2,7],[1,8,2,8],[312,0,312,7]],"flags":["formulas_cached_only"]}
["江门市农产品检测试剂耗材报价表"]
["序号","类别","产品名称","规格、主要技术参数","单位","采购数量","备注（参考品牌）","报价","小计"]
[]
[1,"试剂","倍硫磷标准物质","100μg/mL，1mL/支","支",4]
[2,"试剂","倍硫磷标准物质","1000ug/ml，1ml/支","支",4]
[3,"试剂","丙溴磷标准物质","100μg/mL，1mL/支","支",4]
[4,"试剂","丙溴磷标准物质","1000ug/ml，1ml/支","支",4]
[5,"试剂","地虫硫磷标准物质","100μg/mL，1mL/支","支",4]
[6,"试剂","地虫硫磷标准物质","1000ug/ml，1ml/支","支",4]
[7,"试剂","毒死蜱标准物质","100μg/mL，1mL/支","支",4]
[8,"试剂","毒死蜱标准物质","1000ug/ml，1ml/支","支",4]
[9,"试剂","对硫磷标准物质","100μg/mL，1mL/支","支",4]
[10,"试剂","对硫磷标准物质","1000ug/ml，1ml/支","支",4]
[11,"试剂","二嗪磷标准物质","100μg/mL，1mL/支","支",4]
[12,"试剂","二嗪磷标准物质","1000ug/ml，1ml/支","支",4]
[13,"试剂","甲拌磷标准物质","100μg/mL，1mL/支","支",4]
[14,"试剂","甲拌磷标准物质","1000ug/ml，1ml/支","支",4]
[15,"试剂","甲基对硫磷标准物质","100μg/mL，1mL/支","支",4]
[16,"试剂","甲基对硫磷标准物质","1000ug/ml，1ml/支","支",4]
[17,"试剂","喹硫磷标准物质","100μg/mL，1mL/支","支",4]
[18,"试剂","喹硫磷标准物质","1000ug/ml，1ml/支","支",4]
[19,"试剂","乐果标准物质","100μg/mL，1mL/支","支",4]
[20,"试剂","乐果标准物质","1000ug/ml，1ml/支","支",4]
[21,"试剂","硫环磷标准物质","100μg/mL，1mL/支","支",4]
[22,"试剂","硫环磷标准物质","1000ug/ml，1ml/支","支",4]
[23,"试剂","马拉硫磷标准物质","100μg/mL，1mL/支","支",4]
[24,"试剂","马拉硫磷标准物质","1000ug/ml，1ml/支","支",4]
[25,"试剂","嘧啶磷标准物质","100μg/mL，1mL/支","支",4]
[26,"试剂","嘧啶磷标准物质","1000ug/ml，1ml/支","支",4]
[27,"试剂","灭线磷标准物质","100μg/mL，1mL/支","支",4]
[28,"试剂","灭线磷标准物质","1000ug/ml，1ml/支","支",4]
[29,"试剂","三唑磷标准物质","100μg/mL，1mL/支","支",4]
[30,"试剂","三唑磷标准物质","1000ug/ml，1ml/支","支",4]
[31,"试剂","杀螟硫磷标准物质","100μg/mL，1mL/支","支",4]
[32,"试剂","杀螟硫磷标准物质","1000ug/ml，1ml/支","支",4]
[33,"试剂","杀扑磷标准物质","100μg/mL，1mL/支","支",4]
[34,"试剂","杀扑磷标准物质","1000ug/ml，1ml/支","支",4]
[35,"试剂","水胺硫磷标准物质","100μg/mL，1mL/支","支",4]
[36,"试剂","水胺硫磷标准物质","1000ug/ml，1ml/支","支",4]
[37,"试剂","特丁硫磷标准物质","100μg/mL，1mL/支","支",4]
[38,"试剂","特丁硫磷标准物质","1000ug/ml，1ml/支","支",4]
[39,"试剂","亚胺硫磷标准物质","100μg/mL，1mL/支","支",4]
[40,"试剂","亚胺硫磷标准物质","1000ug/ml，1ml/支","支",4]
[41,"试剂","乙拌磷标准物质","100μg/mL，1mL/支","支",4]
[42,"试剂","乙拌磷标准物质","1000ug/ml，1ml/支","支",4]
[43,"试剂","乙腈","色谱级，4L/瓶","瓶",23]
[44,"试剂","乙硫磷标准物质","100μg/mL，1mL/支","支",4]
[45,"试剂","乙硫磷标准物质","1000ug/ml，1ml/支","支",4]
[46,"试剂","治螟磷标准物质","100μg/mL，1mL/支","支",4]
[47,"试剂","治螟磷标准物质","1000ug/ml，1ml/支","支",4]
[48,"试剂","10种农药定制混合标准物质（见备注）","1.0ml/支，100ug/ml","支",1,"甲胺磷、治螟磷、特丁硫磷、二嗪磷、马拉硫磷、毒死蜱、水胺硫磷、甲基异柳磷、丙溴磷、三唑磷"]
[49,"试剂","10种农药定制混合标准物质（见备注）","1.0ml/支，100ug/ml","支",1,"敌敌畏、乙酰甲胺磷、氧乐果、甲拌磷、乐果、甲基对硫磷、杀螟硫磷、对硫磷、杀扑磷、亚胺硫磷"]
[50,"试剂","10种农药定制混合标准物质（见备注）","1.0ml/支，100ug/ml","支",1,"甲基内吸磷、丁基嘧啶磷、敌恶磷、倍硫磷、氧异柳磷、稻丰散、甲拌磷砜、碘硫磷、抑草磷、硫环磷"]
[51,"试剂","敌敌畏标准物质","100μg/mL，1mL/支","支",4]
[52,"试剂","敌敌畏标准物质","1000ug/ml，1ml/支","支",2]
[53,"试剂","伏杀硫磷标准物质","100μg/mL，1mL/支","支",2]
[54,"试剂","伏杀硫磷标准物质","1000ug/ml，1ml/支","支",4]
[55,"试剂","甲基毒死蜱标准物质","100μg/mL，1mL/支","支",2]
[56,"试剂","甲基毒死蜱标准物质","1000ug/ml，1ml/支","支",4]
[57,"试剂","甲基硫环磷标准物质","100μg/mL，1mL/支","支",4]
[58,"试剂","甲基硫环磷标准物质","1000ug/ml，1ml/支","支",2]
[59,"试剂","甲基异柳磷标准物质","100μg/mL，1mL/支","支",4]
[60,"试剂","甲基异柳磷标准物质","1000ug/ml，1ml/支","支",2]
[61,"试剂","甲萘威标准物质","100μg/mL，1mL/支","支",2]
[62,"试剂","甲萘威标准物质","1000ug/ml，1ml/支","支",4]
[63,"试剂","克百威标准物质","100μg/mL，1mL/支","支",2]
[64,"试剂","克百威标准物质","1000ug/ml，1ml/支","支",4]
[65,"试剂","灭多威标准物质","100μg/mL，1mL/支","支",2]
[66,"试剂","灭多威标准物质","1000ug/ml，1ml/支","支",4]
[67,"试剂","速灭磷标准物质","100μg/mL，1mL/支","支",4]
[68,"试剂","速灭磷标准物质","1000ug/ml，1ml/支","支",2]
[69,"试剂","涕灭威标准物质","100μg/mL，1mL/支","支",2]
[70,"试剂","涕灭威标准物质","1000ug/ml，1ml/支","支",4]
[71,"试剂","涕灭威砜标准物质","100μg/mL，1mL/支","支",2]
[72,"试剂","涕灭威砜标准物质","1000ug/ml，1ml/支","支",4]
[73,"试剂","涕灭威亚砜标准物质","100μg/mL，1mL/支","支",2]
[74,"试剂","涕灭威亚砜标准物质","1000ug/ml，1ml/支","支",4]
[75,"试剂","氧乐果标准物质","100μg/mL，1mL/支","支",4]
[76,"试剂","氧乐果标准物质","1000ug/ml，1ml/支","支",2]
[77,"试剂","乙基溴硫磷标准物质","100μg/mL，1mL/支","支",2]
[78,"试剂","乙基溴硫磷标准物质","1000ug/ml，1ml/支","支",4]
[79,"试剂","乙酰甲胺磷标准物质","100μg/mL，1mL/支","支",4]
[80,"试剂","乙酰甲胺磷标准物质","1000ug/ml，1ml/支","支",2]
[81,"试剂","异柳磷标准物质","100μg/mL，1mL/支","支",2]
[82,"试剂","异柳磷标准物质","1000ug/ml，1ml/支","支",4]
[83,"试剂","13种农药定制混合标准物质（见备注）","1.0ml/支，100ug/ml","支",1,"甲胺磷、治螟磷、特丁硫磷、除线磷、皮蝇磷、甲基嘧啶硫磷、溴硫磷、对硫磷、异柳磷、脱叶磷、杀扑磷、哌草磷、伏杀硫磷"]
[84,"试剂","13种农药定制混合标准物质（见备注）","1.0ml/支，100ug/ml","支",1,"乙嘧硫磷、速灭磷、硫线磷、胺丙畏、八甲磷、甲基立枯磷、地毒磷、马拉硫磷、喹硫磷、丙硫磷、三硫磷、哒嗪磷、特丁硫磷砜"]
[85,"试剂","33种杀虫剂和杀菌剂混标溶液（见备注）","100μg/mL、1ml/支","支",5,"敌敌畏、甲胺磷、速灭磷、异丙威、乙酰甲胺磷、灭线磷、治螟磷、甲拌磷、特丁硫磷、地虫硫磷、除线磷、乐果、甲基嘧啶磷、乙烯菌核利、三氯杀螨醇、倍硫磷、乙基对氧磷、三唑酮、对硫磷、甲基异柳磷、硫丹、甲拌磷亚砜、异柳磷、喹硫磷、甲拌磷砜、联苯菊酯、三唑磷、苯硫磷、氯菊酯、吡嘧磷、氯氰菊酯、氰戊菊酯、溴氰菊酯"]
[86,"试剂","33种杀虫剂和杀菌剂混标溶液（见备注）","100μg/mL、1ml/支","支",5,"仲丁威、α-六六六、五氯硝基苯、氧乐果、二嗪磷、百治磷、γ-六六六、克百威、甲基毒死蜱、皮蝇磷、β-六六六、毒死蜱、甲基对硫磷、嘧啶磷、马拉硫磷、δ-六六六、杀螟硫磷、乙基溴硫磷、水胺硫磷、Z-杀虫畏、腐霉利、丙溴磷、杀扑磷、硫环磷、乙硫磷、甲氰菊酯、异菌脲、亚胺硫磷、氯氟氰菊酯、伏杀硫磷、氟氰戊菊酯、氟氯氰菊酯、氟胺氰菊酯"]
[87,"试剂","百菌清标准物质","100μg/mL，1mL/支","支",2]
[88,"试剂","百菌清标准物质","1000ug/ml，1ml/支","支",2]
[89,"试剂","百治磷标准物质","100μg/mL，1mL/支","支",2]
[90,"试剂","百治磷标准物质","1000ug/ml，1ml/支","支",2]
[91,"试剂","苯硫磷标准物质","100μg/mL，1mL/支","支",2]
[92,"试剂","苯硫磷标准物质","1000ug/ml，1ml/支","支",2]
[93,"试剂","吡菌磷标准物质","100μg/mL，1mL/支","支",2]
[94,"试剂","吡菌磷标准物质","1000ug/ml，1ml/支","支",2]
[95,"试剂","丙酮","色谱纯，4L/瓶","瓶",5]
[96,"试剂","丙酮","特定级S.U.\n500ml\\瓶","瓶",6]
[97,"试剂","地毒磷标准物质","100μg/mL，1mL/支","支",2]
[98,"试剂","地毒磷标准物质","1000ug/ml，1ml/支","支",2]
[99,"试剂","对氧磷标准物质","100μg/mL，1mL/支","支",2]
[100,"试剂","对氧磷标准物质","1000ug/ml，1ml/支","支",2]
[101,"试剂","恩诺沙星标准物质","100μg/mL，1mL/支","支",2]
[102,"试剂","恩诺沙星标准物质","1000ug/ml，1ml/支","支",2]
[103,"试剂","伐灭磷标准物质","100μg/mL，1mL/支","支",2]
[104,"试剂","伐灭磷标准物质","1000ug/ml，1ml/支","支",2]
[105,"试剂","氟胺氰菊酯标准物质","100μg/mL，1mL/支","支",2]
[106,"试剂","氟胺氰菊酯标准物质","1000ug/ml，1ml/支","支",2]
[107,"试剂","氟氯氰菊酯标准物质","100μg/mL，1mL/支","支",2]
[108,"试剂","氟氯氰菊酯标准物质","1000ug/ml，1ml/支","支",2]
[109,"试剂","氟氰戊菊酯标准物质","100μg/mL，1mL/支","支",2]
[110,"试剂","氟氰戊菊酯标准物质","1000ug/ml，1ml/支","支",2]
[111,"试剂","环丙沙星标准物质","100μg/mL，1mL/支","支",2]
[112,"试剂","环丙沙星标准物质","1000ug/ml，1ml/支","支",2]
[113,"试剂","甲胺磷标准物质","100μg/mL，1mL/支","支",2]
[114,"试剂","甲胺磷标准物质","1000ug/ml，1ml/支","支",4]
[115,"试剂","甲拌磷砜标准物质","100μg/mL，1mL/支","支",2]
[116,"试剂","甲拌磷砜标准物质","1000ug/ml，1ml/支","支",2]
[117,"试剂","甲拌磷亚砜标准物质","100μg/mL，1mL/支","支",2]
[118,"试剂","甲拌磷亚砜标准物质","1000ug/ml，1ml/支","支",2]
[119,"试剂","甲醇","色谱级，4L/瓶","瓶",5]
[120,"试剂","甲醇","色谱纯，500ml/瓶，10瓶/箱","箱",2]
[121,"试剂","甲基嘧啶磷标准物质","100μg/mL，1mL/支","支",2]
[122,"试剂","甲基嘧啶磷标准物质","1000ug/ml，1ml/支","支",2]
[123,"试剂","甲氰菊酯标准物质","100μg/mL，1mL/支","支",2]
[124,"试剂","甲氰菊酯标准物质","1000ug/ml，1ml/支","支",2]
[125,"试剂","久效磷标准物质","100μg/mL，1mL/支","支",2]
[126,"试剂","久效磷标准物质","1000ug/ml，1ml/支","支",2]
[127,"试剂","联苯菊酯标准物质","100μg/mL，1mL/支","支",2]
[128,"试剂","联苯菊酯标准物质","1000ug/ml，1ml/支","支",2]
[129,"试剂","磷胺标准物质","100μg/mL，1mL/支","支",2]
[130,"试剂","磷胺标准物质","1000ug/ml，1ml/支","支",2]
[131,"试剂","硫丹标准物质","100μg/mL，1mL/支","支",2]
[132,"试剂","硫丹标准物质","1000ug/ml，1ml/支","支",2]
[133,"试剂","氯氟氰菊酯标准物质","100μg/mL，1mL/支","支",2]
[134,"试剂","氯氟氰菊酯标准物质","1000ug/ml，1ml/支","支",2]
[135,"试剂","氯菊酯标准物质","100μg/mL，1mL/支","支",2]
[136,"试剂","氯菊酯标准物质","1000ug/ml，1ml/支","支",2]
[137,"试剂","氯氰菊酯标准物质","100μg/mL，1mL/支","支",2]
[138,"试剂","氯氰菊酯标准物质","1000ug/ml，1ml/支","支",2]
[139,"试剂","灭菌磷标准物质","100μg/mL，1mL/支","支",2]
[140,"试剂","灭菌磷标准物质","1000ug/ml，1ml/支","支",2]
[141,"试剂","皮蝇磷标准物质","100μg/mL，1mL/支","支",2]
[142,"试剂","皮蝇磷标准物质","1000ug/ml，1ml/支","支",2]
[143,"试剂","氰戊菊酯标准物质","100μg/mL，1mL/支","支",2]
[144,"试剂","氰戊菊酯标准物质","1000ug/ml，1ml/支","支",2]
[145,"试剂","三氯杀螨醇标准物质","100μg/mL，1mL/支","支",2]
[146,"试剂","三氯杀螨醇标准物质","1000ug/ml，1ml/支","支",2]
[147,"试剂","三羟基克百威标准物质","100μg/mL，1mL/支","支",2]
[148,"试剂","三羟基克百威标准物质","1000ug/ml，1ml/支","支",2]
[149,"试剂","三唑酮标准物质","100μg/mL，1mL/支","支",2]
[150,"试剂","三唑酮标准物质","1000ug/ml，1ml/支","支",2]
[151,"试剂","杀虫畏标准物质","100μg/mL，1mL/支","支",2]
[152,"试剂","杀虫畏标准物质","1000ug/ml，1ml/支","支",2]
[153,"试剂","速灭威标准物质","100μg/mL，1mL/支","支",2]
[154,"试剂","速灭威标准物质","1000ug/ml，1ml/支","支",2]
[155,"试剂","五氯硝基苯标准物质","100μg/mL，1mL/支","支",2]
[156,"试剂","五氯硝基苯标准物质","1000ug/ml，1ml/支","支",2]
[157,"试剂","辛硫磷标准物质","100μg/mL，1mL/支","支",2]
[158,"试剂","辛硫磷标准物质","1000ug/ml，1ml/支","支",2]
[159,"试剂","溴氰菊酯标准物质","100μg/mL，1mL/支","支",2]
[160,"试剂","溴氰菊酯标准物质","1000ug/ml，1ml/支","支",2]
[161,"试剂","乙酸乙酯","色谱级，4L/瓶","瓶",3]
[162,"试剂","乙酸乙酯","色谱纯，500ml/瓶，10瓶/箱","箱",5]
[163,"试剂","乙烯菌核利标准物质","100μg/mL，1mL/支","支",2]
[164,"试剂","乙烯菌核利标准物质","1000ug/ml，1ml/支","支",2]
[165,"试剂","异丙威标准物质","100μg/mL，1mL/支","支",2]
[166,"试剂","异丙威标准物质","1000ug/ml，1ml/支","支",2]
[167,"试剂","异菌脲标准物质","100μg/mL，1mL/支","支",2]
[168,"试剂","异菌脲标准物质","1000ug/ml，1ml/支","支",2]
[169,"试剂","仲丁威标准物质","100μg/mL，1mL/支","支",2]
[170,"试剂","仲丁威标准物质","1000ug/ml，1ml/支","支",2]
[171,"试剂","棕色样品瓶","15mL，100个/盒","盒",6]
[172,"试剂","（Z）杀虫畏标准物质","1ml/支，1000μg/ml","支",2]
[173,"试剂","中性氧化铝","粒度0.075mm-0.15mm，500g/瓶，分析纯","罐",5,"广州化学试剂厂"]
[174,"试剂","赤霉酸","1mL/瓶、1000ug/ml、标准物质","支",2,"农业部环境保护科研所、环境质量监督检验测试中心、农产品质量标准研究中心"]
[175,"试剂","9种β-受体激动剂 混合标准品","液体标准品，100μg/mL，1mL","瓶",1]
[176,"试剂","孔雀石绿标准品（孔雀石绿）","液体标准品，100μg/mL，1mL","瓶",1]
[177,"试剂","孔雀石绿标准品（隐性孔雀石绿）","液体标准品，100μg/mL，1mL","瓶",1]
[178,"试剂","孔雀石绿标准品（同位素内标氘代孔雀石绿）","液体标准品，100μg/mL，1mL","瓶",1]
[179,"试剂","孔雀石绿标准品（同位素内标氘代隐色孔雀石绿）","液体标准品，100μg/mL，1mL","瓶",1]
[180,"试剂","磺胺类混合标准品（水产品）","液体标准品，100μg/mL，1mL","瓶",1]
[181,"试剂","喹诺酮类混合标准品（水产品）","液体标准品，100μg/mL，1mL","瓶",1]
[182,"试剂","氘代磺胺邻二甲氧嘧啶内标","液体标准品，100μg/mL，1mL","瓶",1]
[183,"试剂","氘代磺胺间二甲氧嘧啶内标","液体标准品，100μg/mL，1mL","瓶",1]
[184,"试剂","氘代诺氟沙星内标","液体标准品，100μg/mL，1mL","瓶",1]
[185,"试剂","氘代环丙沙星内标","液体标准品，100μg/mL，1mL","瓶",1]
[186,"试剂","氘代恩诺沙星内标","液体标准品，100μg/mL，1mL","瓶",1]
[187,"试剂","71种农药定制混合标准物质（见备注）","液体标准品，100μg/mL，1mL/支","支",5,"甲胺磷、对硫磷、甲基对硫磷、六六六、三氯杀螨醇、甲拌磷（包括甲拌磷砜和甲拌磷亚砜）、水胺硫磷、甲基异柳磷、氧乐果、氟虫腈（包括氟甲腈、氟虫腈硫醚、氟虫腈砜）、毒死蜱、三唑磷、乐果、乙酰甲胺磷、氰戊菊酯、敌敌畏、丙溴磷、杀螟硫磷、二嗪磷、马拉硫磷、亚胺硫磷、伏杀硫磷、氯氰菊酯、甲氰菊酯、氯氟氰菊酯、氟氯氰菊酯、溴氰菊酯、联苯菊酯、氟胺氰菊酯、氟氰戊菊酯、三唑酮、异菌脲、腐霉利、五氯硝基苯、乙烯菌核利、苯醚甲环唑、二甲戊灵、多效唑、氯菊酯、灭线磷、克百威、硫环磷、氯唑磷、倍硫磷(倍硫磷砜、倍硫磷亚砜）、久效磷、治螟磷、特丁硫磷、杀扑磷、硫丹、滴滴涕（4种代谢物）"]
[188,"试剂","60种农药定制混合标准物质（见备注）","液体标准品，100μg/mL，1mL/支","支",5,"灭线磷、克百威（包括3-羟基克百威）、涕灭威（包括涕灭威砜和涕灭威亚砜）、灭多威、内吸磷、硫环磷、氯唑磷、辛硫磷、甲萘威、多菌灵、吡虫啉、倍硫磷(倍硫磷砜、倍硫磷亚砜）、丙环唑、多杀霉素、啶虫脒、哒螨灵、嘧霉胺、甲氨基阿维菌素苯甲酸盐、烯酰吗啉、咪鲜胺、嘧菌酯、噻虫嗪、氟啶脲、灭幼脲、甲霜灵、霜霉威、氯吡脲、氯虫苯甲酰胺、醚菊酯、虫酰肼、吡唑醚菊酯、戊唑醇、乙基多杀霉素、抑霉唑、噻虫胺、阿维菌素、除虫脲、腈苯唑、茚虫威、噻嗪酮、甲胺磷、对硫磷、甲拌磷（包括甲拌磷砜和甲拌磷亚砜）、水胺硫磷、甲基异柳磷、氧乐果、氟虫腈（包括氟甲腈、氟虫腈硫醚、氟虫腈砜）、毒死蜱、三唑磷、乐果、乙酰甲胺磷、敌敌畏、仲丁威、异菌脲、苯醚甲环唑、二甲戊灵、多效唑、治螟磷、特丁硫磷、杀扑磷"]
[189,"试剂","稻丰散标准物质","100μg/mL，1mL/支","支",2]
[190,"试剂","溴硫磷标准物质","100μg/mL，1mL/支","支",2]
[191,"试剂","虫螨磷标准物质","100μg/mL，1mL/支","支",2]
[192,"试剂","乙嘧硫磷标准物质","100μg/mL，1mL/支","支",2]
[193,"试剂","胺丙畏标准物质","100μg/mL，1mL/支","支",2]
[194,"试剂","硫线磷标准物质","100μg/mL，1mL/支","支",2]
[195,"试剂","异稻瘟净标准物质","100μg/mL，1mL/支","支",2]
[196,"试剂","甲基对氧磷标准物质","100μg/mL，1mL/支","支",2]
[197,"试剂","硫丙磷标准物质","100μg/mL，1mL/支","支",2]
[198,"试剂","盐酸克伦特罗、莱克多巴胺、沙丁胺醇三联卡","三联胶体金检测卡，灵敏度3-5-5μg/kg","条",51000]
[199,"试剂","沙拉沙星标准物质","100μg/mL，1mL/支","支",2]
[200,"试剂","达氟沙星标准物质","100μg/mL，1mL/支","支",2]
[201,"试剂","磺胺甲噁唑标准物质","100μg/mL，1mL/支","支",2]
[202,"试剂","磺胺间二甲氧嘧啶标准物质","100μg/mL，1mL/支","支",2]
[203,"试剂","磺胺二甲嘧啶标准物质","100μg/mL，1mL/支","支",2]
[204,"试剂","蝇毒磷标准物质","100μg/mL，1mL/支","支",2]
[205,"试剂","β-六六六标准物质","100μg/mL，1mL/支","支",2]
[206,"试剂","δ-六六六标准物质","100μg/mL，1mL/支","支",2]
[207,"试剂","α-六六六标准物质","100μg/mL，1mL/支","支",2]
[208,"试剂","γ-六六六标准物质","100μg/mL，1mL/支","支",2]
[209,"试剂","腐霉利/速克灵标准物质","100μg/mL，1mL/支","支",2]
[210,"试剂","3-羟基克百威标准物质","100μg/mL，1mL/支","支",2]
[211,"试剂","磺胺喹噁啉标准物质","100μg/mL，1mL/支","支",2]
[212,"试剂","正己烷"," 色谱级，4L/瓶","瓶",5]
[213,"试剂","V03P试剂盒","25套\\盒","盒",6]
[214,"试剂","乙酸铵分析纯","500g/瓶","瓶",2]
[215,"试剂","柠檬酸分析纯","500g/瓶","瓶",2]
[216,"试剂","残杀威标准物质","1000ug/ml，1ml/支","支",2]
[217,"试剂","混杀威标准物质","1000ug/ml，1ml/支","支",2]
[218,"试剂","诺氟沙星标准物质","1000ug/ml，1ml/支","支",2]
[219,"试剂","氧氟沙星标准物质","1000ug/ml，1ml/支","支",2]
[220,"试剂","恶喹酸标准物质","1000ug/ml，1ml/支","支",2]
[221,"试剂","氟甲喹标准物质","1000ug/ml，1ml/支","支",2]
[222,"试剂","益棉磷（乙基谷硫磷）标准物质","1000ug/ml，1ml/支","支",2]
[223,"试剂","胺丙畏（巴胺磷）标准物质","1000ug/ml，1ml/支","支",2]
[224,"试剂","地毒磷（毒壤磷）标准物质","1000ug/ml，1ml/支","支",2]
[225,"试剂","（乙基）对氧磷标准物质","1ml/支，1000μg/ml","支",2]
[226,"试剂","除线磷标准物质","1ml/支，1000μg/ml","支",2]
[227,"试剂","alpha-六六六标准物质","1ml/支，1000μg/ml","支",2]
[228,"试剂","beta-六六六标准物质","1ml/支，1000μg/ml","支",2]
[229,"试剂","gamma-六六六标准物质","1ml/支，1000μg/ml","支",2]
[230,"试剂","delta-六六六标准物质","1ml/支，1000μg/ml","支",2]
[231,"试剂","腐霉利标准物质","1ml/支，1000μg/ml","支",2]
[232,"试剂","国家标准样品-铅","1000ug/mL","支",1]
[233,"试剂","国家标准样品-砷","1000ug/mL","支",1]
[234,"试剂","国家标准样品-镉","1000ug/mL","支",1]
[235,"试剂","二氯甲烷","500ml/瓶，分析纯","瓶",20]
[236,"试剂","12种农药定制混合标准物质（见备注）","1.0ml/支，100ug/ml","支",1,"敌敌畏、乙拌磷、乐果、毒死蜱、嘧啶磷、甲基异柳磷、水胺硫磷、丙虫磷、灭菌磷、硫丙磷、三唑磷、亚胺硫磷"]
[237,"试剂","11种农药定制混合标准物质（见备注）","1.0ml/支，100ug/ml","支",1,"灭线磷、甲拌磷、二嗪磷、氯唑磷、甲基毒死蜱、甲基对硫磷、杀螟硫磷、乙基溴硫磷、丙溴磷、乙硫磷、丰索磷"]
[238,"耗材","丁腈手套","100只/盒、S码","盒",40]
[239,"耗材","丁腈手套","100只/盒、M码","盒",50]
[240,"耗材","丁腈手套","100只/盒、L码","盒",20]
[241,"耗材","50ml带塞尖底塑料离心管","25支/包","包",258]
[242,"耗材","50ml带塞尖底塑料离心管","50ml/支，500支/箱","箱",4]
[243,"耗材","玻璃试剂瓶","250ml，高硼硅，带聚丙烯瓶盖，透明","个",20]
[244,"耗材","玻璃试剂瓶","500ml，高硼硅，带聚丙烯瓶盖，透明","个",20]
[245,"耗材","玻璃试剂瓶","1000ml，高硼硅，带聚丙烯瓶盖，透明","个",20]
[246,"耗材","玻璃试剂瓶","250ml，高硼硅，带聚丙烯瓶盖，棕色","个",20]
[247,"耗材","玻璃试剂瓶","500ml，高硼硅，带聚丙烯瓶盖，棕色","个",20]
[248,"耗材","玻璃试剂瓶","1000ml，高硼硅，带聚丙烯瓶盖，棕色","个",20]
[249,"耗材","15ml带塞尖底塑料离心管","15ml/支，50支/包","包",20]
[250,"耗材","玻璃样品瓶","15mL，100个/盒","盒",7]
[251,"耗材","玻璃样品瓶","45mL-50mL，50个/盒","盒",2]
[252,"耗材","具塞量筒","100mL","个",10]
[253,"耗材","具塞量筒","250mL","个",16]
[254,"耗材","10ml一次性无菌注射器","10ml（100支/盒）","盒",16]
[255,"耗材","5ml一次性无菌注射器","5mL，100支/盒","盒",15]
[256,"耗材","玻璃瓶","15ml，透明，瓶径22mm，高70mm，100个/盒","盒",20]
[257,"耗材","玻璃瓶","10ml，透明，瓶径22mm，高50mm，100个/盒","盒",20]
[258,"耗材","口罩","活性炭口罩，耳带式，四层，50只/盒","盒",10]
[259,"耗材","口罩","活性炭口罩，头带式，KN95，50只/盒","盒",5]
[260,"耗材","气相进样瓶（带盖）","2mL，100个/盒","盒",11]
[261,"耗材","烧杯","5ml","个",20]
[262,"耗材","烧杯","10ml","个",20]
[263,"耗材","实验服","L码/件","件",8]
[264,"耗材","实验服","XXL码/件","件",2]
[265,"耗材","微孔滤膜（有机相）","尼龙66、13mm、0.22um、100个/盒","盒",4]
[266,"耗材","微孔滤膜（有机相）","0.45µm，100个/盒","盒",4]
[267,"耗材","一次性塑料吸管","5毫升，100支/袋","袋",6]
[268,"耗材","一次性塑料吸管","1毫升，100支/袋","袋",2]
[269,"耗材","一次性抹布","挂式，600g","包",100,"希思利雅"]
[270,"耗材","劳保线手套","棉线","对",100,"星工"]
[271,"耗材","一次性无纺布手袖","40cm*16cm","对",50]
[272,"耗材","原子荧光空心阴极灯砷灯","适用于瑞利AF-2200仪器","盏",2,"瑞利"]
[273,"耗材","微波消解内罐","1个控制罐（0号罐）+9个标准罐","套",2,"屹尧"]
[274,"耗材","棕色螺口玻璃样品瓶","15ml，50个/盒","盒",5]
[275,"耗材","玻璃进样瓶（带盖）","2ml，100个/盒","盒",20]
[276,"耗材","10-100μl移液枪头","1000只/包，适用大龙牌移液枪","包",2]
[277,"耗材","100-1000μl移液枪头","500只/包，适用大龙牌移液枪","包",2]
[278,"耗材","5000μl移液枪头","100只/包，适用大龙牌移液枪","包",8]
[279,"耗材","微孔过滤膜（有机相）","尼龙66、13mm、0.22um、100个/盒","盒",5]
[280,"耗材","塑料废液桶","10L/个，耐酸碱，适用于化工废液","个",2]
[281,"耗材","石墨管","/","盒",1]
[282,"耗材","50-1000μl移液枪头","500个/袋","袋",4]
[283,"耗材","0.1-5mL移液枪头","500个/袋","袋",4]
[284,"耗材","100ml带塞尖底塑料离心管","100mL/支","支",400]
[285,"耗材","10ml带塞尖底塑料离心管","10ml/支","支",400]
[286,"耗材","一次薄膜手套","400只/盒","盒",10]
[287,"耗材","活性碳口罩","50只/盒","盒",10]
[288,"耗材","液相进样瓶（带盖）","100个/盒，带100个盖","盒",4]
[289,"耗材","PM996封口膜","—","盒",6]
[290,"耗材","微孔滤膜（水相）","0.22µm，100个/盒","盒",4]
[291,"耗材","变色硅胶","500g/瓶","瓶",2]
[292,"耗材","氧化锆珠","500g/袋","袋",2]
[293,"耗材","一次性塑料离心管（平底）","100mL/支","支",100]
[294,"耗材","试管","16×100mm（100支/盒 得泰C1610100）","盒",12]
[295,"耗材","进样瓶盖","VEAP-5394-09B-100","盒",12]
[296,"耗材","透明螺纹自动进样瓶","VAAP-32009E-1232-100","盒",12]
[297,"耗材","15ml透明螺纹样品瓶（含盖子）","100个/盒","盒",6]
[298,"耗材","2ml一次性无菌注射器","2ml，150支/包","包",20]
[299,"耗材","1ml移液枪枪头","0.1-1ml，500个/包，适用于普兰德移液枪","包",10]
[300,"耗材","5ml移液枪枪头","0.5-5ml，200个/包，适用于普兰德移液枪","包",20]
[301,"耗材","10ml移液枪枪头","1-10mL，100个/包，适用于普兰德移液枪","包",20]
[302,"耗材","300μl移液枪枪头","30-300μl，1000个/包，适用于普兰德8枪头移液枪","包",10]
[303,"耗材","宽颈三角烧瓶","250ml，瓶颈外径50mm，瓶外径85mm，高度136mm","个",20]
[304,"耗材","鸡心瓶","150ml，内径29mm","个",20]
[305,"耗材","吸量管架","有机玻璃，梯形","个",2]
[306,"耗材","色谱瓶","螺口，透明，带书写签，经认证，2 mL，100个/包,适用于安捷伦气质联用仪8890-7000D","包",30]
[307,"耗材","色谱瓶盖","塑料瓶盖,瓶盖，螺口，蓝色，PTFE/红色硅橡胶隔垫，500个/包，与上述色谱瓶匹配","包",6]
[308,"耗材","样品瓶","300ml,塑料，带盖，可低温冷冻","个",1500]
[309,"耗材","废液桶","25L，圆桶型，高度460mm，直径313mm，口径210mm，塑料，耐酸碱，适用于化工废液","个",4]
["总价",{"$nulls":7},0]

{"sheet":"Sheet2","index":1,"n_rows":313,"n_cols":18,"rows_kept":313,"merged":[[0,0,0,17],[1,0,2,0],[1,1,2,1],[1,2,2,2],[1,3,2,3],[1,4,2,4],[1,5,2,5],[1,6,2,6],[1,7,1,16],[1,17,2,17],[312,0,312,16]],"flags":["formulas_cached_only"]}
["江门市定量检测试剂耗材采购需求表"]
["序号","类别","产品名称","规格、主要技术参数","单位","数量","备注（参考品牌）","单价报价",{"$nulls":9},"小计"]
[{"$nulls":7},"上海泰坦","市农检中心","蓬江","江海","新会","台山","开平","鹤山","恩平","综合定价（取最低价）"]
[1,"耗材","丁腈手套","100只/盒、S码","盒",40,null,38,39.27,{"$nulls":4},40,180,50,38,1520]
[2,"耗材","丁腈手套","100只/盒、M码","盒",50,null,38,39.27,{"$nulls":3},49,40,180,50,38,1900]
[3,"耗材","丁腈手套","100只/盒、L码","盒",20,null,38,39.27,{"$nulls":3},49,40,null,null,38,760]
[4,"耗材","50ml带塞尖底塑料离心管","25支/包","包",258,null,18,null,null,60,30,25,{"$nulls":3},18,4644]
[5,"耗材","50ml带塞尖底塑料离心管","50ml/支，500支/箱","箱",4,null,360,{"$nulls":5},60,3,null,3,12]
[6,"耗材","玻璃试剂瓶","250ml，高硼硅，带聚丙烯瓶盖，透明","个",20,null,18,{"$nulls":6},8,null,8,160]
[7,"耗材","玻璃试剂瓶","500ml，高硼硅，带聚丙烯瓶盖，透明","个",20,null,22,{"$nulls":6},9,null,9,180]
[8,"耗材","玻璃试剂瓶","1000ml，高硼硅，带聚丙烯瓶盖，透明","个",20,null,29,{"$nulls":6},15,null,15,300]
[9,"耗材","玻璃试剂瓶","250ml，高硼硅，带聚丙烯瓶盖，棕色","个",20,null,20,{"$nulls":6},8,null,8,160]
[10,"耗材","玻璃试剂瓶","500ml，高硼硅，带聚丙烯瓶盖，棕色","个",20,null,25,{"$nulls":6},9,null,9,180]
[11,"耗材","玻璃试剂瓶","1000ml，高硼硅，带聚丙烯瓶盖，棕色","个",20,null,32,{"$nulls":6},15,null,15,300]
[12,"试剂","倍硫磷标准物质","100μg/mL，1mL/支","支",4,null,37,null,null,50,50,{"$nulls":4},37,148]
[13,"试剂","倍硫磷标准物质","1000ug/ml，1ml/支","支",4,null,90,90,{"$nulls":3},200,188,null,null,90,360]
[14,"试剂","丙溴磷标准物质","100μg/mL，1mL/支","支",4,null,58,null,null,50,80,{"$nulls":4},50,200]
[15,"试剂","丙溴磷标准物质","1000ug/ml，1ml/支","支",4,null,105,105,{"$nulls":3},200,188,null,null,105,420]
[16,"试剂","地虫硫磷标准物质","100μg/mL，1mL/支","支",4,null,83,null,null,50,80,{"$nulls":4},50,200]
[17,"试剂","地虫硫磷标准物质","1000ug/ml，1ml/支","支",4,null,220,204,{"$nulls":3},200,188,null,null,188,752]
[18,"试剂","毒死蜱标准物质","100μg/mL，1mL/支","支",4,null,27,null,null,50,80,{"$nulls":4},27,108]
[19,"试剂","毒死蜱标准物质","1000ug/ml，1ml/支","支",4,null,50,100,{"$nulls":3},200,188,null,null,50,200]
[20,"试剂","对硫磷标准物质","100μg/mL，1mL/支","支",4,null,53,null,null,50,50,{"$nulls":4},50,200]
[21,"试剂","对硫磷标准物质","1000ug/ml，1ml/支","支",4,null,140,140,{"$nulls":3},200,188,null,null,140,560]
[22,"试剂","二嗪磷标准物质","100μg/mL，1mL/支","支",4,null,37,null,null,50,50,{"$nulls":4},37,148]
[23,"试剂","二嗪磷标准物质","1000ug/ml，1ml/支","支",4,null,65,105,{"$nulls":3},200,188,null,null,65,260]
[24,"试剂","甲拌磷标准物质","100μg/mL，1mL/支","支",4,null,37,null,null,50,50,{"$nulls":4},37,148]
[25,"试剂","甲拌磷标准物质","1000ug/ml，1ml/支","支",4,null,147,147,{"$nulls":3},200,188,null,null,147,588]
[26,"试剂","甲基对硫磷标准物质","100μg/mL，1mL/支","支",4,null,53,null,null,50,50,{"$nulls":4},50,200]
[27,"试剂","甲基对硫磷标准物质","1000ug/ml，1ml/支","支",4,null,147,147,{"$nulls":3},200,188,null,null,147,588]
[28,"试剂","喹硫磷标准物质","100μg/mL，1mL/支","支",4,null,35,null,null,50,50,{"$nulls":4},35,140]
[29,"试剂","喹硫磷标准物质","1000ug/ml，1ml/支","支",4,null,80,147,{"$nulls":3},200,188,null,null,80,320]
[30,"试剂","乐果标准物质","100μg/mL，1mL/支","支",4,null,37,null,null,50,50,{"$nulls":4},37,148]
[31,"试剂","乐果标准物质","1000ug/ml，1ml/支","支",4,null,126,126,{"$nulls":3},200,188,null,null,126,504]
[32,"试剂","硫环磷标准物质","100μg/mL，1mL/支","支",4,null,30,null,null,50,80,{"$nulls":4},30,120]
[33,"试剂","硫环磷标准物质","1000ug/ml，1ml/支","支",4,null,137,137,{"$nulls":3},200,188,null,null,137,548]
[34,"试剂","马拉硫磷标准物质","100μg/mL，1mL/支","支",4,null,37,null,null,50,50,{"$nulls":4},37,148]
[35,"试剂","马拉硫磷标准物质","1000ug/ml，1ml/支","支",4,null,95,91.8,{"$nulls":3},200,188,null,null,91.8,367.2]
[36,"试剂","嘧啶磷标准物质","100μg/mL，1mL/支","支",4,null,66,null,null,50,80,{"$nulls":4},50,200]
[37,"试剂","嘧啶磷标准物质","1000ug/ml，1ml/支","支",4,null,154,154,{"$nulls":3},200,188,null,null,154,616]
[38,"试剂","灭线磷标准物质","100μg/mL，1mL/支","支",4,null,59,null,null,50,80,{"$nulls":4},50,200]
[39,"试剂","灭线磷标准物质","1000ug/ml，1ml/支","支",4,null,120,120,{"$nulls":3},200,188,null,null,120,480]
[40,"试剂","三唑磷标准物质","100μg/mL，1mL/支","支",4,null,59,null,null,50,80,{"$nulls":4},50,200]
[41,"试剂","三唑磷标准物质","1000ug/ml，1ml/支","支",4,null,147,142.8,{"$nulls":3},200,188,null,null,142.8,571.2]
[42,"试剂","杀螟硫磷标准物质","100μg/mL，1mL/支","支",4,null,35,null,null,50,50,{"$nulls":4},35,140]
[43,"试剂","杀螟硫磷标准物质","1000ug/ml，1ml/支","支",4,null,80,200,{"$nulls":3},200,188,null,null,80,320]
[44,"试剂","杀扑磷标准物质","100μg/mL，1mL/支","支",4,null,37,null,null,50,50,{"$nulls":4},37,148]
[45,"试剂","杀扑磷标准物质","1000ug/ml，1ml/支","支",4,null,105,102,{"$nulls":3},200,188,null,null,102,408]
[46,"试剂","水胺硫磷标准物质","100μg/mL，1mL/支","支",4,null,37,null,null,50,50,{"$nulls":4},37,148]
[47,"试剂","水胺硫磷标准物质","1000ug/ml，1ml/支","支",4,null,147,142.8,{"$nulls":3},200,188,null,null,142.8,571.2]
[48,"试剂","特丁硫磷标准物质","100μg/mL，1mL/支","支",4,null,33,null,null,50,80,{"$nulls":4},33,132]
[49,"试剂","特丁硫磷标准物质","1000ug/ml，1ml/支","支",4,null,140,140,{"$nulls":3},200,188,null,null,140,560]
[50,"试剂","亚胺硫磷标准物质","100μg/mL，1mL/支","支",4,null,59,null,null,50,80,{"$nulls":4},50,200]
[51,"试剂","亚胺硫磷标准物质","1000ug/ml，1ml/支","支",4,null,126,126,{"$nulls":3},200,188,null,null,126,504]
[52,"试剂","乙拌磷标准物质","100μg/mL，1mL/支","支",4,null,88,null,null,50,80,{"$nulls":4},50,200]
[53,"试剂","乙拌磷标准物质","1000ug/ml，1ml/支","支",4,null,220,{"$nulls":4},200,188,null,null,188,752]
[54,"试剂","乙腈","色谱级，4L/瓶","瓶",23,null,350,720,null,null,400,null,null,350,null,350,8050]
[55,"试剂","乙硫磷标准物质","100μg/mL，1mL/支","支",4,null,55,null,null,50,50,{"$nulls":4},50,200]
[56,"试剂","乙硫磷标准物质","1000ug/ml，1ml/支","支",4,null,220,142.8,{"$nulls":3},200,188,null,null,142.8,571.2]
[57,"试剂","治螟磷标准物质","100μg/mL，1mL/支","支",4,null,35,null,null,50,50,{"$nulls":4},35,140]
[58,"试剂","治螟磷标准物质","1000ug/ml，1ml/支","支",4,null,154,154,{"$nulls":3},200,188,null,null,154,616]
[59,"试剂","10种农药定制混合标准物质（见备注）","1.0ml/支，100ug/ml","支",1,"甲胺磷、治螟磷、特丁硫磷、二嗪磷、马拉硫磷、毒死蜱、水胺硫磷、甲基异柳磷、丙溴磷、三唑磷",840,null,null,600,{"$nulls":5},600,600]
[60,"试剂","10种农药定制混合标准物质（见备注）","1.0ml/支，100ug/ml","支",1,"敌敌畏、乙酰甲胺磷、氧乐果、甲拌磷、乐果、甲基对硫磷、杀螟硫磷、对硫磷、杀扑磷、亚胺硫磷",780,null,null,600,{"$nulls":5},600,600]
[61,"试剂","10种农药定制混合标准物质（见备注）","1.0ml/支，100ug/ml","支",1,"甲基内吸磷、丁基嘧啶磷、敌恶磷、倍硫磷、氧异柳磷、稻丰散、甲拌磷砜、碘硫磷、抑草磷、硫环磷",1050,{"$nulls":7},700,700,700]
[62,"耗材","15ml带塞尖底塑料离心管","15ml/支，50支/包","包",20,null,30,215,null,null,32,35,null,2,null,2,40]
[63,"耗材","玻璃样品瓶","15mL，100个/盒","盒",7,null,400,null,null,160,null,40,{"$nulls":3},40,280]
[64,"耗材","玻璃样品瓶","45mL-50mL，50个/盒","盒",2,null,780,{"$nulls":4},40,{"$nulls":3},40,80]
[65,"试剂","敌敌畏标准物质","100μg/mL，1mL/支","支",4,null,27,null,null,50,80,{"$nulls":4},27,108]
[66,"试剂","敌敌畏标准物质","1000ug/ml，1ml/支","支",2,null,60,60,{"$nulls":4},188,null,null,60,120]
[67,"试剂","伏杀硫磷标准物质","100μg/mL，1mL/支","支",2,null,37,{"$nulls":3},50,{"$nulls":4},37,74]
[68,"试剂","伏杀硫磷标准物质","1000ug/ml，1ml/支","支",4,null,116,116,{"$nulls":3},200,188,null,null,116,464]
[69,"试剂","甲基毒死蜱标准物质","100μg/mL，1mL/支","支",2,null,63,null,null,50,{"$nulls":5},50,100]
[70,"试剂","甲基毒死蜱标准物质","1000ug/ml，1ml/支","支",4,null,147,147,{"$nulls":3},200,188,null,null,147,588]
[71,"试剂","甲基硫环磷标准物质","100μg/mL，1mL/支","支",4,null,150,null,null,50,150,{"$nulls":4},50,200]
[72,"试剂","甲基硫环磷标准物质","1000ug/ml，1ml/支","支",2,null,220,204,{"$nulls":3},200,{"$nulls":3},200,400]
[73,"试剂","甲基异柳磷标准物质","100μg/mL，1mL/支","支",4,null,37,null,null,50,50,{"$nulls":4},37,148]
[74,"试剂","甲基异柳磷标准物质","1000ug/ml，1ml/支","支",2,null,147,147,{"$nulls":4},282,null,null,147,294]
[75,"试剂","甲萘威标准物质","100μg/mL，1mL/支","支",2,null,35,{"$nulls":3},80,{"$nulls":4},35,70]
[76,"试剂","甲萘威标准物质","1000ug/ml，1ml/支","支",4,null,116,116,{"$nulls":3},200,210,null,null,116,464]
[77,"耗材","具塞量筒","100mL","个",10,null,60,250,{"$nulls":7},60,600]
[78,"耗材","具塞量筒","250mL","个",16,null,100,330,{"$nulls":5},750,null,100,1600]
[79,"试剂","克百威标准物质","100μg/mL，1mL/支","支",2,null,53,{"$nulls":3},80,{"$nulls":4},53,106]
[80,"试剂","克百威标准物质","1000ug/ml，1ml/支","支",4,null,200,200,{"$nulls":3},200,210,null,null,200,800]
[81,"试剂","灭多威标准物质","100μg/mL，1mL/支","支",2,null,59,{"$nulls":3},80,{"$nulls":4},59,118]
[82,"试剂","灭多威标准物质","1000ug/ml，1ml/支","支",4,null,100,200,{"$nulls":3},200,210,null,null,100,400]
[83,"试剂","速灭磷标准物质","100μg/mL，1mL/支","支",4,null,66,null,null,50,80,{"$nulls":4},50,200]
[84,"试剂","速灭磷标准物质","1000ug/ml，1ml/支","支",2,null,154,240,{"$nulls":4},188,null,null,154,308]
[85,"试剂","涕灭威标准物质","100μg/mL，1mL/支","支",2,null,35,{"$nulls":3},80,{"$nulls":4},35,70]
[86,"试剂","涕灭威标准物质","1000ug/ml，1ml/支","支",4,null,60,200,{"$nulls":3},200,210,null,null,60,240]
[87,"试剂","涕灭威砜标准物质","100μg/mL，1mL/支","支",2,null,84,{"$nulls":3},80,{"$nulls":4},80,160]
[88,"试剂","涕灭威砜标准物质","1000ug/ml，1ml/支","支",4,null,200,200,{"$nulls":3},200,210,null,null,200,800]
[89,"试剂","涕灭威亚砜标准物质","100μg/mL，1mL/支","支",2,null,59,{"$nulls":3},80,{"$nulls":4},59,118]
[90,"试剂","涕灭威亚砜标准物质","1000ug/ml，1ml/支","支",4,null,105,200,{"$nulls":3},200,210,null,null,105,420]
[91,"试剂","氧乐果标准物质","100μg/mL，1mL/支","支",4,null,37,null,null,50,50,{"$nulls":4},37,148]
[92,"试剂","氧乐果标准物质","1000ug/ml，1ml/支","支",2,null,147,140,{"$nulls":4},188,null,null,140,280]
[93,"试剂","乙基溴硫磷标准物质","100μg/mL，1mL/支","支",2,null,62,null,null,50,{"$nulls":5},50,100]
[94,"试剂","乙基溴硫磷标准物质","1000ug/ml，1ml/支","支",4,null,99,{"$nulls":4},200,188,null,null,99,396]
[95,"试剂","乙酰甲胺磷标准物质","100μg/mL，1mL/支","支",4,null,37,null,null,50,50,{"$nulls":4},37,148]
[96,"试剂","乙酰甲胺磷标准物质","1000ug/ml，1ml/支","支",2,null,95,90,{"$nulls":4},188,null,null,90,180]
[97,"试剂","异柳磷标准物质","100μg/mL，1mL/支","支",2,null,39,{"$nulls":8},39,78]
[98,"试剂","异柳磷标准物质","1000ug/ml，1ml/支","支",4,null,220,200,{"$nulls":3},200,188,null,null,188,752]
[99,"耗材","10ml一次性无菌注射器","10ml（100支/盒）","盒",16,null,100,108.5,{"$nulls":3},40,80,null,null,40,640]
[100,"试剂","13种农药定制混合标准物质（见备注）","1.0ml/支，100ug/ml","支",1,"甲胺磷、治螟磷、特丁硫磷、除线磷、皮蝇磷、甲基嘧啶硫磷、溴硫磷、对硫磷、异柳磷、脱叶磷、杀扑磷、哌草磷、伏杀硫磷",750,{"$nulls":7},500,500,500]
[101,"试剂","13种农药定制混合标准物质（见备注）","1.0ml/支，100ug/ml","支",1,"乙嘧硫磷、速灭磷、硫线磷、胺丙畏、八甲磷、甲基立枯磷、地毒磷、马拉硫磷、喹硫磷、丙硫磷、三硫磷、哒嗪磷、特丁硫磷砜",1300,{"$nulls":7},860,860,860]
[102,"试剂","33种杀虫剂和杀菌剂混标溶液（见备注）","100μg/mL、1ml/支","支",5,"敌敌畏、甲胺磷、速灭磷、异丙威、乙酰甲胺磷、灭线磷、治螟磷、甲拌磷、特丁硫磷、地虫硫磷、除线磷、乐果、甲基嘧啶磷、乙烯菌核利、三氯杀螨醇、倍硫磷、乙基对氧磷、三唑酮、对硫磷、甲基异柳磷、硫丹、甲拌磷亚砜、异柳磷、喹硫磷、甲拌磷砜、联苯菊酯、三唑磷、苯硫磷、氯菊酯、吡嘧磷、氯氰菊酯、氰戊菊酯、溴氰菊酯",1500,{"$nulls":5},1120,null,null,1120,5600]
[103,"试剂","33种杀虫剂和杀菌剂混标溶液（见备注）","100μg/mL、1ml/支","支",5,"仲丁威、α-六六六、五氯硝基苯、氧乐果、二嗪磷、百治磷、γ-六六六、克百威、甲基毒死蜱、皮蝇磷、β-六六六、毒死蜱、甲基对硫磷、嘧啶磷、马拉硫磷、δ-六六六、杀螟硫磷、乙基溴硫磷、水胺硫磷、Z-杀虫畏、腐霉利、丙溴磷、杀扑磷、硫环磷、乙硫磷、甲氰菊酯、异菌脲、亚胺硫磷、氯氟氰菊酯、伏杀硫磷、氟氰戊菊酯、氟氯氰菊酯、氟胺氰菊酯",1500,{"$nulls":5},1120,null,null,1120,5600]
[104,"耗材","5ml一次性无菌注射器","5mL，100支/盒","盒",15,null,40,86.5,null,72,{"$nulls":3},60,null,40,600]
[105,"试剂","百菌清标准物质","100μg/mL，1mL/支","支",2,null,35,{"$nulls":3},50,{"$nulls":4},35,70]
[106,"试剂","百菌清标准物质","1000ug/ml，1ml/支","支",2,null,70,135,{"$nulls":7},70,140]
[107,"试剂","百治磷标准物质","100μg/mL，1mL/支","支",2,null,55,{"$nulls":8},55,110]
[108,"试剂","百治磷标准物质","1000ug/ml，1ml/支","支",2,null,154,200,{"$nulls":3},200,188,null,null,154,308]
[109,"试剂","苯硫磷标准物质","100μg/mL，1mL/支","支",2,null,80,{"$nulls":8},80,160]
[110,"试剂","苯硫磷标准物质","1000ug/ml，1ml/支","支",2,null,220,{"$nulls":4},200,188,null,null,188,376]
[111,"试剂","吡菌磷标准物质","100μg/mL，1mL/支","支",2,null,39,{"$nulls":8},39,78]
[112,"试剂","吡菌磷标准物质","1000ug/ml，1ml/支","支",2,null,110,{"$nulls":4},200,188,null,null,110,220]
[113,"试剂","丙酮","色谱纯，4L/瓶","瓶",5,null,863,null,null,500,{"$nulls":5},500,2500]
[114,"试剂","丙酮","特定级S.U.\n500ml\\瓶","瓶",6,null,60,{"$nulls":3},280,{"$nulls":4},60,360]
[115,"耗材","玻璃瓶","15ml，透明，瓶径22mm，高70mm，100个/盒","盒",20,null,320,{"$nulls":6},40,null,40,800]
[116,"耗材","玻璃瓶","10ml，透明，瓶径22mm，高50mm，100个/盒","盒",20,null,225,{"$nulls":6},30,null,30,600]
[117,"试剂","地毒磷标准物质","100μg/mL，1mL/支","支",2,null,165,null,null,50,{"$nulls":5},50,100]
[118,"试剂","地毒磷标准物质","1000ug/ml，1ml/支","支",2,null,385,{"$nulls":5},465,null,null,385,770]
[119,"试剂","对氧磷标准物质","100μg/mL，1mL/支","支",2,null,180,null,null,50,{"$nulls":5},50,100]
[120,"试剂","对氧磷标准物质","1000ug/ml，1ml/支","支",2,null,264,240,{"$nulls":3},200,188,null,null,188,376]
[121,"试剂","恩诺沙星标准物质","100μg/mL，1mL/支","支",2,null,50,{"$nulls":3},80,{"$nulls":4},50,100]
[122,"试剂","恩诺沙星标准物质","1000ug/ml，1ml/支","支",2,null,100,200,{"$nulls":3},200,{"$nulls":3},100,200]
[123,"试剂","伐灭磷标准物质","100μg/mL，1mL/支","支",2,null,62,null,null,50,{"$nulls":5},50,100]
[124,"试剂","伐灭磷标准物质","1000ug/ml，1ml/支","支",2,null,220,200,{"$nulls":3},200,{"$nulls":3},200,400]
[125,"试剂","氟胺氰菊酯标准物质","100μg/mL，1mL/支","支",2,null,37,{"$nulls":3},80,{"$nulls":4},37,74]
[126,"试剂","氟胺氰菊酯标准物质","1000ug/ml，1ml/支","支",2,null,100,{"$nulls":8},100,200]
[127,"试剂","氟氯氰菊酯标准物质","100μg/mL，1mL/支","支",2,null,58,{"$nulls":3},80,{"$nulls":4},58,116]
[128,"试剂","氟氯氰菊酯标准物质","1000ug/ml，1ml/支","支",2,null,147,200,{"$nulls":7},147,294]
[129,"试剂","氟氰戊菊酯标准物质","100μg/mL，1mL/支","支",2,null,59,{"$nulls":3},80,{"$nulls":4},59,118]
[130,"试剂","氟氰戊菊酯标准物质","1000ug/ml，1ml/支","支",2,null,137,200,{"$nulls":7},137,274]
[131,"试剂","环丙沙星标准物质","100μg/mL，1mL/支","支",2,null,80,{"$nulls":3},80,{"$nulls":4},80,160]
[132,"试剂","环丙沙星标准物质","1000ug/ml，1ml/支","支",2,null,200,200,{"$nulls":3},200,{"$nulls":3},200,400]
[133,"试剂","甲胺磷标准物质","100μg/mL，1mL/支","支",2,null,30,null,null,50,{"$nulls":5},30,60]
[134,"试剂","甲胺磷标准物质","1000ug/ml，1ml/支","支",4,null,105,100,{"$nulls":3},200,188,null,null,100,400]
[135,"试剂","甲拌磷砜标准物质","100μg/mL，1mL/支","支",2,null,63,{"$nulls":3},100,{"$nulls":4},63,126]
[136,"试剂","甲拌磷砜标准物质","1000ug/ml，1ml/支","支",2,null,147,142.8,{"$nulls":4},188,null,null,142.8,285.6]
[137,"试剂","甲拌磷亚砜标准物质","100μg/mL，1mL/支","支",2,null,59,{"$nulls":3},100,{"$nulls":4},59,118]
[138,"试剂","甲拌磷亚砜标准物质","1000ug/ml，1ml/支","支",2,null,147,147,{"$nulls":4},188,null,null,147,294]
[139,"试剂","甲醇","色谱级，4L/瓶","瓶",5,null,206,{"$nulls":8},206,1030]
[140,"试剂","甲醇","色谱纯，500ml/瓶，10瓶/箱","箱",2,null,500,{"$nulls":6},450,null,450,900]
[141,"试剂","甲基嘧啶磷标准物质","100μg/mL，1mL/支","支",2,null,37,null,null,50,{"$nulls":5},37,74]
[142,"试剂","甲基嘧啶磷标准物质","1000ug/ml，1ml/支","支",2,null,105,102,{"$nulls":4},188,null,null,102,204]
[143,"试剂","甲氰菊酯标准物质","100μg/mL，1mL/支","支",2,null,50,{"$nulls":3},50,{"$nulls":4},50,100]
[144,"试剂","甲氰菊酯标准物质","1000ug/ml，1ml/支","支",2,null,100,204,{"$nulls":7},100,200]
[145,"试剂","久效磷标准物质","100μg/mL，1mL/支","支",2,null,50,50,null,null,50,{"$nulls":4},50,100]
[146,"试剂","久效磷标准物质","1000ug/ml，1ml/支","支",2,null,147,{"$nulls":4},200,{"$nulls":3},147,294]
[147,"耗材","口罩","活性炭口罩，耳带式，四层，50只/盒","盒",10,null,30,{"$nulls":6},23,null,23,230]
[148,"耗材","口罩","活性炭口罩，头带式，KN95，50只/盒","盒",5,null,120,{"$nulls":6},80,null,80,400]
[149,"试剂","联苯菊酯标准物质","100μg/mL，1mL/支","支",2,null,35,{"$nulls":3},50,{"$nulls":4},35,70]
[150,"试剂","联苯菊酯标准物质","1000ug/ml，1ml/支","支",2,null,105,105,{"$nulls":7},105,210]
[151,"试剂","磷胺标准物质","100μg/mL，1mL/支","支",2,null,59,null,null,50,80,{"$nulls":4},50,100]
[152,"试剂","磷胺标准物质","1000ug/ml，1ml/支","支",2,null,105,105,{"$nulls":7},105,210]
[153,"试剂","硫丹标准物质","100μg/mL，1mL/支","支",2,null,59,{"$nulls":3},80,{"$nulls":4},59,118]
[154,"试剂","硫丹标准物质","1000ug/ml，1ml/支","支",2,null,147,142.8,{"$nulls":7},142.8,285.6]
[155,"试剂","氯氟氰菊酯标准物质","100μg/mL，1mL/支","支",2,null,60,{"$nulls":3},80,{"$nulls":4},60,120]
[156,"试剂","氯氟氰菊酯标准物质","1000ug/ml，1ml/支","支",2,null,100,147,{"$nulls":7},100,200]
[157,"试剂","氯菊酯标准物质","100μg/mL，1mL/支","支",2,null,37,{"$nulls":3},50,{"$nulls":4},37,74]
[158,"试剂","氯菊酯标准物质","1000ug/ml，1ml/支","支",2,null,95,91.8,{"$nulls":7},91.8,183.6]
[159,"试剂","氯氰菊酯标准物质","100μg/mL，1mL/支","支",2,null,53,{"$nulls":3},80,{"$nulls":4},53,106]
[160,"试剂","氯氰菊酯标准物质","1000ug/ml，1ml/支","支",2,null,200,200,{"$nulls":7},200,400]
[161,"试剂","灭菌磷标准物质","100μg/mL，1mL/支","支",2,null,66,null,null,50,{"$nulls":5},50,100]
[162,"试剂","灭菌磷标准物质","1000ug/ml，1ml/支","支",2,null,154,154,{"$nulls":3},200,{"$nulls":3},154,308]
[163,"试剂","皮蝇磷标准物质","100μg/mL，1mL/支","支",2,null,39,null,null,50,{"$nulls":5},39,78]
[164,"试剂","皮蝇磷标准物质","1000ug/ml，1ml/支","支",2,null,110,102,{"$nulls":4},188,null,null,102,204]
[165,"耗材","气相进样瓶（带盖）","2mL，100个/盒","盒",11,null,1274,null,null,60,null,40,{"$nulls":3},40,440]
[166,"试剂","氰戊菊酯标准物质","100μg/mL，1mL/支","支",2,null,37,{"$nulls":3},50,{"$nulls":4},37,74]
[167,"试剂","氰戊菊酯标准物质","1000ug/ml，1ml/支","支",2,null,70,70,{"$nulls":7},70,140]
[168,"试剂","三氯杀螨醇标准物质","100μg/mL，1mL/支","支",2,null,35,{"$nulls":3},50,{"$nulls":4},35,70]
[169,"试剂","三氯杀螨醇标准物质","1000ug/ml，1ml/支","支",2,null,130,130,{"$nulls":7},130,260]
[170,"试剂","三羟基克百威标准物质","100μg/mL，1mL/支","支",2,null,105,{"$nulls":8},105,210]
[171,"试剂","三羟基克百威标准物质","1000ug/ml，1ml/支","支",2,null,200,200,{"$nulls":3},200,385,null,null,200,400]
[172,"试剂","三唑酮标准物质","100μg/mL，1mL/支","支",2,null,35,{"$nulls":3},80,{"$nulls":4},35,70]
[173,"试剂","三唑酮标准物质","1000ug/ml，1ml/支","支",2,null,147,147,{"$nulls":7},147,294]
[174,"试剂","杀虫畏标准物质","100μg/mL，1mL/支","支",2,null,60,null,null,50,{"$nulls":5},50,100]
[175,"试剂","杀虫畏标准物质","1000ug/ml，1ml/支","支",2,null,154,154,{"$nulls":3},200,188,null,null,154,308]
[176,"耗材","烧杯","5ml","个",20,null,5.5,{"$nulls":6},2,null,2,40]
[177,"耗材","烧杯","10ml","个",20,null,5.5,3.9,{"$nulls":5},3,null,3,60]
[178,"耗材","实验服","L码/件","件",8,null,132,{"$nulls":7},50,50,400]
[179,"耗材","实验服","XXL码/件","件",2,null,132,{"$nulls":7},50,50,100]
[180,"试剂","速灭威标准物质","100μg/mL，1mL/支","支",2,null,35,{"$nulls":8},35,70]
[181,"试剂","速灭威标准物质","1000ug/ml，1ml/支","支",2,null,110,110,{"$nulls":3},200,210,null,null,110,220]
[182,"耗材","微孔滤膜（有机相）","尼龙66、13mm、0.22um、100个/盒","盒",4,null,63,156,{"$nulls":3},25,{"$nulls":3},25,100]
[183,"耗材","微孔滤膜（有机相）","0.45µm，100个/盒","盒",4,null,63,{"$nulls":4},40,{"$nulls":3},40,160]
[184,"试剂","五氯硝基苯标准物质","100μg/mL，1mL/支","支",2,null,30,{"$nulls":3},80,{"$nulls":4},30,60]
[185,"试剂","五氯硝基苯标准物质","1000ug/ml，1ml/支","支",2,null,110,137,{"$nulls":7},110,220]
[186,"试剂","辛硫磷标准物质","100μg/mL，1mL/支","支",2,null,30,{"$nulls":3},80,{"$nulls":4},30,60]
[187,"试剂","辛硫磷标准物质","1000ug/ml，1ml/支","支",2,null,80,200,{"$nulls":4},188,null,null,80,160]
[188,"试剂","溴氰菊酯标准物质","100μg/mL，1mL/支","支",2,null,53,{"$nulls":3},50,{"$nulls":4},50,100]
[189,"试剂","溴氰菊酯标准物质","1000ug/ml，1ml/支","支",2,null,80,95,{"$nulls":7},80,160]
[190,"耗材","一次性塑料吸管","5毫升，100支/袋","袋",6,null,78,21,{"$nulls":3},14,{"$nulls":3},14,84]
[191,"耗材","一次性塑料吸管","1毫升，100支/袋","袋",2,null,57,{"$nulls":4},6,{"$nulls":3},6,12]
[192,"试剂","乙酸乙酯","色谱级，4L/瓶","瓶",3,null,550,550.8,{"$nulls":7},550,1650]
[193,"试剂","乙酸乙酯","色谱纯，500ml/瓶，10瓶/箱","箱",5,null,160,{"$nulls":6},860,null,160,800]
[194,"试剂","乙烯菌核利标准物质","100μg/mL，1mL/支","支",2,null,30,{"$nulls":3},80,{"$nulls":4},30,60]
[195,"试剂","乙烯菌核利标准物质","1000ug/ml，1ml/支","支",2,null,147,142.8,{"$nulls":7},142.8,285.6]
[196,"试剂","异丙威标准物质","100μg/mL，1mL/支","支",2,null,35,{"$nulls":8},35,70]
[197,"试剂","异丙威标准物质","1000ug/ml，1ml/支","支",2,null,100,142.8,{"$nulls":3},200,210,null,null,100,200]
[198,"试剂","异菌脲标准物质","100μg/mL，1mL/支","支",2,null,56,{"$nulls":3},80,{"$nulls":4},56,112]
[199,"试剂","异菌脲标准物质","1000ug/ml，1ml/支","支",2,null,147,142.8,{"$nulls":7},142.8,285.6]
[200,"试剂","仲丁威标准物质","100μg/mL，1mL/支","支",2,null,35,{"$nulls":8},35,70]
[201,"试剂","仲丁威标准物质","1000ug/ml，1ml/支","支",2,null,100,204,{"$nulls":3},200,210,null,null,100,200]
[202,"试剂","棕色样品瓶","15mL，100个/盒","盒",6,null,240,188,null,160,null,40,{"$nulls":3},40,240]
[203,"试剂","（Z）杀虫畏标准物质","1ml/支，1000μg/ml","支",2,null,250,{"$nulls":8},250,500]
[204,"试剂","中性氧化铝","粒度0.075mm-0.15mm，500g/瓶，分析纯","罐",5,"广州化学试剂厂",45,40,{"$nulls":7},40,200]
[205,"耗材","一次性抹布","挂式，600g","包",100,"希思利雅",20,{"$nulls":8},20,2000]
[206,"耗材","劳保线手套","棉线","对",100,"星工",65,30,{"$nulls":7},30,3000]
[207,"耗材","一次性无纺布手袖","40cm*16cm","对",50,null,45,{"$nulls":8},45,2250]
[208,"试剂","赤霉酸","1mL/瓶、1000ug/ml、标准物质","支",2,"农业部环境保护科研所、环境质量监督检验测试中心、农产品质量标准研究中心",200,{"$nulls":8},200,400]
[209,"耗材","原子荧光空心阴极灯砷灯","适用于瑞利AF-2200仪器","盏",2,"瑞利",800,800,{"$nulls":7},800,1600]
[210,"耗材","微波消解内罐","1个控制罐（0号罐）+9个标准罐","套",2,"屹尧",25000,24000,{"$nulls":7},24000,48000]
[211,"试剂","9种β-受体激动剂 混合标准品","液体标准品，100μg/mL，1mL","瓶",1,null,1200,null,1200,{"$nulls":6},1200,1200]
[212,"试剂","孔雀石绿标准品（孔雀石绿）","液体标准品，100μg/mL，1mL","瓶",1,null,56,120,60,{"$nulls":6},56,56]
[213,"试剂","孔雀石绿标准品（隐性孔雀石绿）","液体标准品，100μg/mL，1mL","瓶",1,null,56,100,60,{"$nulls":6},56,56]
[214,"试剂","孔雀石绿标准品（同位素内标氘代孔雀石绿）","液体标准品，100μg/mL，1mL","瓶",1,null,160,500,160,{"$nulls":6},160,160]
[215,"试剂","孔雀石绿标准品（同位素内标氘代隐色孔雀石绿）","液体标准品，100μg/mL，1mL","瓶",1,null,120,350,350,{"$nulls":6},120,120]
[216,"试剂","磺胺类混合标准品（水产品）","液体标准品，100μg/mL，1mL","瓶",1,null,1100,600,735,{"$nulls":6},600,600]
[217,"试剂","喹诺酮类混合标准品（水产品）","液体标准品，100μg/mL，1mL","瓶",1,null,450,1428,550,{"$nulls":6},450,450]
[218,"试剂","氘代磺胺邻二甲氧嘧啶内标","液体标准品，100μg/mL，1mL","瓶",1,null,160,160,600,{"$nulls":6},160,160]
[219,"试剂","氘代磺胺间二甲氧嘧啶内标","液体标准品，100μg/mL，1mL","瓶",1,null,300,null,700,{"$nulls":6},300,300]
[220,"试剂","氘代诺氟沙星内标","液体标准品，100μg/mL，1mL","瓶",1,null,500,3000,400,{"$nulls":6},400,400]
[221,"试剂","氘代环丙沙星内标","液体标准品，100μg/mL，1mL","瓶",1,null,400,2500,400,{"$nulls":6},400,400]
[222,"试剂","氘代恩诺沙星内标","液体标准品，100μg/mL，1mL","瓶",1,null,240,2500,400,{"$nulls":6},240,240]
[223,"试剂","71种农药定制混合标准物质（见备注）","液体标准品，100μg/mL，1mL/支","支",5,"甲胺磷、对硫磷、甲基对硫磷、六六六、三氯杀螨醇、甲拌磷（包括甲拌磷砜和甲拌磷亚砜）、水胺硫磷、甲基异柳磷、氧乐果、氟虫腈（包括氟甲腈、氟虫腈硫醚、氟虫腈砜）、毒死蜱、三唑磷、乐果、乙酰甲胺磷、氰戊菊酯、敌敌畏、丙溴磷、杀螟硫磷、二嗪磷、马拉硫磷、亚胺硫磷、伏杀硫磷、氯氰菊酯、甲氰菊酯、氯氟氰菊酯、氟氯氰菊酯、溴氰菊酯、联苯菊酯、氟胺氰菊酯、氟氰戊菊酯、三唑酮、异菌脲、腐霉利、五氯硝基苯、乙烯菌核利、苯醚甲环唑、二甲戊灵、多效唑、氯菊酯、灭线磷、克百威、硫环磷、氯唑磷、倍硫磷(倍硫磷砜、倍硫磷亚砜）、久效磷、治螟磷、特丁硫磷、杀扑磷、硫丹、滴滴涕（4种代谢物）",9200,null,300,{"$nulls":6},300,1500]
[224,"试剂","60种农药定制混合标准物质（见备注）","液体标准品，100μg/mL，1mL/支","支",5,"灭线磷、克百威（包括3-羟基克百威）、涕灭威（包括涕灭威砜和涕灭威亚砜）、灭多威、内吸磷、硫环磷、氯唑磷、辛硫磷、甲萘威、多菌灵、吡虫啉、倍硫磷(倍硫磷砜、倍硫磷亚砜）、丙环唑、多杀霉素、啶虫脒、哒螨灵、嘧霉胺、甲氨基阿维菌素苯甲酸盐、烯酰吗啉、咪鲜胺、嘧菌酯、噻虫嗪、氟啶脲、灭幼脲、甲霜灵、霜霉威、氯吡脲、氯虫苯甲酰胺、醚菊酯、虫酰肼、吡唑醚菊酯、戊唑醇、乙基多杀霉素、抑霉唑、噻虫胺、阿维菌素、除虫脲、腈苯唑、茚虫威、噻嗪酮、甲胺磷、对硫磷、甲拌磷（包括甲拌磷砜和甲拌磷亚砜）、水胺硫磷、甲基异柳磷、氧乐果、氟虫腈（包括氟甲腈、氟虫腈硫醚、氟虫腈砜）、毒死蜱、三唑磷、乐果、乙酰甲胺磷、敌敌畏、仲丁威、异菌脲、苯醚甲环唑、二甲戊灵、多效唑、治螟磷、特丁硫磷、杀扑磷",15000,null,300,{"$nulls":6},300,1500]
[225,"耗材","棕色螺口玻璃样品瓶","15ml，50个/盒","盒",5,null,245,null,300,{"$nulls":6},245,1225]
[226,"耗材","玻璃进样瓶（带盖）","2ml，100个/盒","盒",20,null,145,null,300,{"$nulls":6},145,2900]
[227,"试剂","稻丰散标准物质","100μg/mL，1mL/支","支",2,null,39,142.8,null,50,{"$nulls":5},39,78]
[228,"试剂","溴硫磷标准物质","100μg/mL，1mL/支","支",2,null,55,null,null,50,{"$nulls":5},50,100]
[229,"试剂","虫螨磷标准物质","100μg/mL，1mL/支","支",2,null,62,null,null,50,{"$nulls":5},50,100]
[230,"试剂","乙嘧硫磷标准物质","100μg/mL，1mL/支","支",2,null,62,230,null,50,{"$nulls":5},50,100]
[231,"试剂","胺丙畏标准物质","100μg/mL，1mL/支","支",2,null,198,null,null,50,{"$nulls":5},50,100]
[232,"试剂","硫线磷标准物质","100μg/mL，1mL/支","支",2,null,88,102,null,50,{"$nulls":5},50,100]
[233,"试剂","异稻瘟净标准物质","100μg/mL，1mL/支","支",2,null,39,176,null,50,{"$nulls":5},39,78]
[234,"试剂","甲基对氧磷标准物质","100μg/mL，1mL/支","支",2,null,39,null,null,50,{"$nulls":5},39,78]
[235,"试剂","硫丙磷标准物质","100μg/mL，1mL/支","支",2,null,67,null,null,50,{"$nulls":5},50,100]
[236,"耗材","10-100μl移液枪头","1000只/包，适用大龙牌移液枪","包",2,null,201,null,null,57,{"$nulls":5},57,114]
[237,"耗材","100-1000μl移液枪头","500只/包，适用大龙牌移液枪","包",2,null,98,null,null,57,{"$nulls":5},57,114]
[238,"耗材","5000μl移液枪头","100只/包，适用大龙牌移液枪","包",8,null,101,null,null,65,{"$nulls":5},65,520]
[239,"耗材","微孔过滤膜（有机相）","尼龙66、13mm、0.22um、100个/盒","盒",5,null,63,null,null,80,{"$nulls":5},63,315]
[240,"耗材","塑料废液桶","10L/个，耐酸碱，适用于化工废液","个",2,null,53,null,null,75,{"$nulls":5},53,106]
[241,"试剂","盐酸克伦特罗、莱克多巴胺、沙丁胺醇三联卡","三联胶体金检测卡，灵敏度3-5-5μg/kg","条",51000,null,9,{"$nulls":8},9,459000]
[242,"试剂","沙拉沙星标准物质","100μg/mL，1mL/支","支",2,null,80,{"$nulls":3},80,{"$nulls":4},80,160]
[243,"试剂","达氟沙星标准物质","100μg/mL，1mL/支","支",2,null,27,200,null,null,80,{"$nulls":4},27,54]
[244,"试剂","磺胺甲噁唑标准物质","100μg/mL，1mL/支","支",2,null,60,{"$nulls":3},80,{"$nulls":4},60,120]
[245,"试剂","磺胺间二甲氧嘧啶标准物质","100μg/mL，1mL/支","支",2,null,27,{"$nulls":3},80,{"$nulls":4},27,54]
[246,"试剂","磺胺二甲嘧啶标准物质","100μg/mL，1mL/支","支",2,null,25,{"$nulls":3},80,{"$nulls":4},25,50]
[247,"试剂","蝇毒磷标准物质","100μg/mL，1mL/支","支",2,null,42,{"$nulls":3},80,{"$nulls":4},42,84]
[248,"试剂","β-六六六标准物质","100μg/mL，1mL/支","支",2,null,30,76.5,null,null,50,{"$nulls":4},30,60]
[249,"试剂","δ-六六六标准物质","100μg/mL，1mL/支","支",2,null,53,204,null,null,50,{"$nulls":4},50,100]
[250,"试剂","α-六六六标准物质","100μg/mL，1mL/支","支",2,null,30,102,null,null,50,{"$nulls":4},30,60]
[251,"试剂","γ-六六六标准物质","100μg/mL，1mL/支","支",2,null,53,102,null,null,50,{"$nulls":4},50,100]
[252,"试剂","腐霉利/速克灵标准物质","100μg/mL，1mL/支","支",2,null,37,{"$nulls":3},50,{"$nulls":4},37,74]
[253,"试剂","3-羟基克百威标准物质","100μg/mL，1mL/支","支",2,null,105,{"$nulls":3},80,{"$nulls":4},80,160]
[254,"试剂","磺胺喹噁啉标准物质","100μg/mL，1mL/支","支",2,null,60,{"$nulls":3},80,{"$nulls":4},60,120]
[255,"试剂","正己烷"," 色谱级，4L/瓶","瓶",5,null,550,{"$nulls":3},500,{"$nulls":4},500,2500]
[256,"试剂","V03P试剂盒","25套\\盒","盒",6,null,1000,{"$nulls":3},800,{"$nulls":4},800,4800]
[257,"耗材","石墨管","/","盒",1,null,11450,8290,null,null,5000,{"$nulls":4},5000,5000]
[258,"耗材","50-1000μl移液枪头","500个/袋","袋",4,null,280,{"$nulls":4},70,{"$nulls":3},70,280]
[259,"耗材","0.1-5mL移液枪头","500个/袋","袋",4,null,300,{"$nulls":4},750,{"$nulls":3},300,1200]
[260,"耗材","100ml带塞尖底塑料离心管","100mL/支","支",400,null,200,{"$nulls":4},3,{"$nulls":3},3,1200]
[261,"耗材","10ml带塞尖底塑料离心管","10ml/支","支",400,null,89,{"$nulls":4},1,{"$nulls":3},1,400]
[262,"耗材","一次薄膜手套","400只/盒","盒",10,null,70,{"$nulls":4},25,{"$nulls":3},25,250]
[263,"耗材","活性碳口罩","50只/盒","盒",10,null,35,{"$nulls":4},15,{"$nulls":3},15,150]
[264,"耗材","液相进样瓶（带盖）","100个/盒，带100个盖","盒",4,null,180,{"$nulls":4},40,{"$nulls":3},40,160]
[265,"试剂","乙酸铵分析纯","500g/瓶","瓶",2,null,35,23.97,{"$nulls":3},13,{"$nulls":3},13,26]
[266,"试剂","柠檬酸分析纯","500g/瓶","瓶",2,null,45,31.62,{"$nulls":3},20,{"$nulls":3},20,40]
[267,"试剂","残杀威标准物质","1000ug/ml，1ml/支","支",2,null,79,76.5,{"$nulls":3},200,{"$nulls":3},76.5,153]
[268,"试剂","混杀威标准物质","1000ug/ml，1ml/支","支",2,null,1100,{"$nulls":4},200,{"$nulls":3},200,400]
[269,"试剂","诺氟沙星标准物质","1000ug/ml，1ml/支","支",2,null,60,1850,{"$nulls":3},1000,{"$nulls":3},60,120]
[270,"试剂","氧氟沙星标准物质","1000ug/ml，1ml/支","支",2,null,60,856.8,{"$nulls":3},1000,{"$nulls":3},60,120]
[271,"试剂","恶喹酸标准物质","1000ug/ml，1ml/支","支",2,null,200,200,{"$nulls":3},200,{"$nulls":3},200,400]
[272,"试剂","氟甲喹标准物质","1000ug/ml，1ml/支","支",2,null,160,160,{"$nulls":3},200,{"$nulls":3},160,320]
[273,"试剂","益棉磷（乙基谷硫磷）标准物质","1000ug/ml，1ml/支","支",2,null,110,110,{"$nulls":3},200,{"$nulls":3},110,220]
[274,"试剂","胺丙畏（巴胺磷）标准物质","1000ug/ml，1ml/支","支",2,null,440,408,{"$nulls":3},200,{"$nulls":3},200,400]
[275,"试剂","地毒磷（毒壤磷）标准物质","1000ug/ml，1ml/支","支",2,null,385,357,{"$nulls":3},200,{"$nulls":3},200,400]
[276,"耗材","PM996封口膜","—","盒",6,null,250,140,{"$nulls":3},150,{"$nulls":3},140,840]
[277,"耗材","微孔滤膜（水相）","0.22µm，100个/盒","盒",4,null,120,156,{"$nulls":3},25,{"$nulls":3},25,100]
[278,"耗材","变色硅胶","500g/瓶","瓶",2,null,35,28,{"$nulls":3},15,{"$nulls":3},15,30]
[279,"耗材","氧化锆珠","500g/袋","袋",2,null,50,{"$nulls":4},150,{"$nulls":3},50,100]
[280,"耗材","一次性塑料离心管（平底）","100mL/支","支",100,null,15,{"$nulls":4},3,{"$nulls":3},3,300]
[281,"试剂","（乙基）对氧磷标准物质","1ml/支，1000μg/ml","支",2,null,264,244.8,{"$nulls":7},244.8,489.6]
[282,"试剂","除线磷标准物质","1ml/支，1000μg/ml","支",2,null,176,{"$nulls":5},188,null,null,176,352]
[283,"试剂","alpha-六六六标准物质","1ml/支，1000μg/ml","支",2,null,105,102,{"$nulls":7},102,204]
[284,"试剂","beta-六六六标准物质","1ml/支，1000μg/ml","支",2,null,79,76.5,{"$nulls":7},76.5,153]
[285,"试剂","gamma-六六六标准物质","1ml/支，1000μg/ml","支",2,null,105,102,{"$nulls":7},102,204]
[286,"试剂","delta-六六六标准物质","1ml/支，1000μg/ml","支",2,null,120,204,{"$nulls":7},120,240]
[287,"试剂","腐霉利标准物质","1ml/支，1000μg/ml","支",2,null,147,147,{"$nulls":7},147,294]
[288,"耗材","试管","16×100mm（100支/盒 得泰C1610100）","盒",12,null,280,{"$nulls":5},70,null,null,70,840]
[289,"耗材","进样瓶盖","VEAP-5394-09B-100","盒",12,null,110,{"$nulls":5},75,null,null,75,900]
[290,"耗材","透明螺纹自动进样瓶","VAAP-32009E-1232-100","盒",12,null,125,{"$nulls":5},57.5,null,null,57.5,690]
[291,"耗材","15ml透明螺纹样品瓶（含盖子）","100个/盒","盒",6,null,240,{"$nulls":5},88,null,null,88,528]
[292,"试剂","国家标准样品-铅","1000ug/mL","支",1,null,84,85,{"$nulls":4},60,null,null,60,60]
[293,"试剂","国家标准样品-砷","1000ug/mL","支",1,null,84,97,{"$nulls":4},75,null,null,75,75]
[294,"试剂","国家标准样品-镉","1000ug/mL","支",1,null,84,85,{"$nulls":4},60,null,null,60,60]
[295,"耗材","2ml一次性无菌注射器","2ml，150支/包","包",20,null,112,{"$nulls":6},55,null,55,1100]
[296,"耗材","1ml移液枪枪头","0.1-1ml，500个/包，适用于普兰德移液枪","包",10,null,125,155,{"$nulls":5},165,null,125,1250]
[297,"耗材","5ml移液枪枪头","0.5-5ml，200个/包，适用于普兰德移液枪","包",20,null,417,350,{"$nulls":5},270,null,270,5400]
[298,"耗材","10ml移液枪枪头","1-10mL，100个/包，适用于普兰德移液枪","包",20,null,350,333.03,{"$nulls":5},260,null,260,5200]
[299,"耗材","300μl移液枪枪头","30-300μl，1000个/包，适用于普兰德8枪头移液枪","包",10,null,343,{"$nulls":6},260,null,260,2600]
[300,"试剂","二氯甲烷","500ml/瓶，分析纯","瓶",20,null,25,30,{"$nulls":5},60,null,25,500]
[301,"耗材","宽颈三角烧瓶","250ml，瓶颈外径50mm，瓶外径85mm，高度136mm","个",20,null,120,{"$nulls":6},15,null,15,300]
[302,"耗材","鸡心瓶","150ml，内径29mm","个",20,null,45,{"$nulls":6},12,null,12,240]
[303,"耗材","吸量管架","有机玻璃，梯形","个",2,null,55,{"$nulls":6},33,null,33,66]
[304,"耗材","色谱瓶","螺口，透明，带书写签，经认证，2 mL，100个/包,适用于安捷伦气质联用仪8890-7000D","包",30,null,230,{"$nulls":6},187,null,187,5610]
[305,"耗材","色谱瓶盖","塑料瓶盖,瓶盖，螺口，蓝色，PTFE/红色硅橡胶隔垫，500个/包，与上述色谱瓶匹配","包",6,null,2260,{"$nulls":6},860,null,860,5160]
[306,"耗材","样品瓶","300ml,塑料，带盖，可低温冷冻","个",1500,null,6,5.8,{"$nulls":5},0.45,null,0.45,675]
[307,"耗材","废液桶","25L，圆桶型，高度460mm，直径313mm，口径210mm，塑料，耐酸碱，适用于化工废液","个",4,null,70,30,{"$nulls":5},60,null,30,120]
[308,"试剂","12种农药定制混合标准物质（见备注）","1.0ml/支，100ug/ml","支",1,"敌敌畏、乙拌磷、乐果、毒死蜱、嘧啶磷、甲基异柳磷、水胺硫磷、丙虫磷、灭菌磷、硫丙磷、三唑磷、亚胺硫磷",750,{"$nulls":7},500,500,500]
[309,"试剂","11种农药定制混合标准物质（见备注）","1.0ml/支，100ug/ml","支",1,"灭线磷、甲拌磷、二嗪磷、氯唑磷、甲基毒死蜱、甲基对硫磷、杀螟硫磷、乙基溴硫磷、丙溴磷、乙硫磷、丰索磷",850,{"$nulls":7},570,570,570]
["总结",{"$nulls":16},671708.4]

{"sheet":"Sheet1","index":2,"n_rows":335,"n_cols":18,"rows_kept":335,"merged":[[0,0,0,6],[1,0,2,0],[1,1,2,1],[1,2,2,2],[1,3,2,3],[1,4,2,4],[1,5,2,5],[1,6,2,6],[1,7,1,16]],"flags":["formulas_cached_only"]}
["江门市定量检测试剂耗材采购需求表"]
["序号","类别","产品名称","规格、主要技术参数","单位","数量","备注（参考品牌）","单价报价"]
[{"$nulls":7},"上海泰坦","市农检中心","蓬江","江海","新会","台山","开平","鹤山","恩平","综合定价","总价"]
[1,"耗材","丁腈手套","100只/盒、S码","盒",40,null,38,39.27,{"$nulls":4},40,180,50,38,1520]
[2,"耗材","丁腈手套","100只/盒、M码","盒",50,null,38,39.27,{"$nulls":3},49,40,180,50,38,1900]
[3,"耗材","丁腈手套","100只/盒、L码","盒",20,null,38,39.27,{"$nulls":3},49,40,null,null,38,760]
[4,"耗材","50ml带塞尖底塑料离心管","25支/包","包",258,null,18,null,null,60,30,25,{"$nulls":3},18,4644]
[5,"耗材","50ml带塞尖底塑料离心管","50ml/支，500支/箱","箱",4,null,360,{"$nulls":5},60,3,null,3,12]
[6,"耗材","玻璃试剂瓶","250ml，高硼硅，带聚丙烯瓶盖，透明","个",20,null,18,{"$nulls":6},8,null,8,160]
[7,"耗材","玻璃试剂瓶","500ml，高硼硅，带聚丙烯瓶盖，透明","个",20,null,22,{"$nulls":6},9,null,9,180]
[8,"耗材","玻璃试剂瓶","1000ml，高硼硅，带聚丙烯瓶盖，透明","个",20,null,29,{"$nulls":6},15,null,15,300]
[9,"耗材","玻璃试剂瓶","250ml，高硼硅，带聚丙烯瓶盖，棕色","个",20,null,20,{"$nulls":6},8,null,8,160]
[10,"耗材","玻璃试剂瓶","500ml，高硼硅，带聚丙烯瓶盖，棕色","个",20,null,25,{"$nulls":6},9,null,9,180]
[11,"耗材","玻璃试剂瓶","1000ml，高硼硅，带聚丙烯瓶盖，棕色","个",20,null,32,{"$nulls":6},15,null,15,300]
[12,"试剂","倍硫磷标准物质","100μg/mL，1mL/支","支",4,null,37,null,null,50,50,{"$nulls":4},37,148]
[13,"试剂","倍硫磷标准物质","1000ug/ml，1ml/支","支",4,null,90,90,{"$nulls":3},200,188,null,null,90,360]
[14,"试剂","丙溴磷标准物质","100μg/mL，1mL/支","支",4,null,58,null,null,50,80,{"$nulls":4},50,200]
[15,"试剂","丙溴磷标准物质","1000ug/ml，1ml/支","支",4,null,105,105,{"$nulls":3},200,188,null,null,105,420]
[16,"试剂","地虫硫磷标准物质","100μg/mL，1mL/支","支",4,null,83,null,null,50,80,{"$nulls":4},50,200]
[17,"试剂","地虫硫磷标准物质","1000ug/ml，1ml/支","支",4,null,220,204,{"$nulls":3},200,188,null,null,188,752]
[18,"试剂","毒死蜱标准物质","100μg/mL，1mL/支","支",4,null,27,null,null,50,80,{"$nulls":4},27,108]
[19,"试剂","毒死蜱标准物质","1000ug/ml，1ml/支","支",4,null,50,100,{"$nulls":3},200,188,null,null,50,200]
[20,"试剂","对硫磷标准物质","100μg/mL，1mL/支","支",4,null,53,null,null,50,50,{"$nulls":4},50,200]
[21,"试剂","对硫磷标准物质","1000ug/ml，1ml/支","支",4,null,140,140,{"$nulls":3},200,188,null,null,140,560]
[22,"试剂","二嗪磷标准物质","100μg/mL，1mL/支","支",4,null,37,null,null,50,50,{"$nulls":4},37,148]
[23,"试剂","二嗪磷标准物质","1000ug/ml，1ml/支","支",4,null,65,105,{"$nulls":3},200,188,null,null,65,260]
[24,"试剂","甲拌磷标准物质","100μg/mL，1mL/支","支",4,null,37,null,null,50,50,{"$nulls":4},37,148]
[25,"试剂","甲拌磷标准物质","1000ug/ml，1ml/支","支",4,null,147,147,{"$nulls":3},200,188,null,null,147,588]
[26,"试剂","甲基对硫磷标准物质","100μg/mL，1mL/支","支",4,null,53,null,null,50,50,{"$nulls":4},50,200]
[27,"试剂","甲基对硫磷标准物质","1000ug/ml，1ml/支","支",4,null,147,147,{"$nulls":3},200,188,null,null,147,588]
[28,"试剂","喹硫磷标准物质","100μg/mL，1mL/支","支",4,null,35,null,null,50,50,{"$nulls":4},35,140]
[29,"试剂","喹硫磷标准物质","1000ug/ml，1ml/支","支",4,null,80,147,{"$nulls":3},200,188,null,null,80,320]
[30,"试剂","乐果标准物质","100μg/mL，1mL/支","支",4,null,37,null,null,50,50,{"$nulls":4},37,148]
[31,"试剂","乐果标准物质","1000ug/ml，1ml/支","支",4,null,126,126,{"$nulls":3},200,188,null,null,126,504]
[32,"试剂","硫环磷标准物质","100μg/mL，1mL/支","支",4,null,30,null,null,50,80,{"$nulls":4},30,120]
[33,"试剂","硫环磷标准物质","1000ug/ml，1ml/支","支",4,null,137,137,{"$nulls":3},200,188,null,null,137,548]
[34,"试剂","马拉硫磷标准物质","100μg/mL，1mL/支","支",4,null,37,null,null,50,50,{"$nulls":4},37,148]
[35,"试剂","马拉硫磷标准物质","1000ug/ml，1ml/支","支",4,null,95,91.8,{"$nulls":3},200,188,null,null,91.8,367.2]
[36,"试剂","嘧啶磷标准物质","100μg/mL，1mL/支","支",4,null,66,null,null,50,80,{"$nulls":4},50,200]
[37,"试剂","嘧啶磷标准物质","1000ug/ml，1ml/支","支",4,null,154,154,{"$nulls":3},200,188,null,null,154,616]
[38,"试剂","灭线磷标准物质","100μg/mL，1mL/支","支",4,null,59,null,null,50,80,{"$nulls":4},50,200]
[39,"试剂","灭线磷标准物质","1000ug/ml，1ml/支","支",4,null,120,120,{"$nulls":3},200,188,null,null,120,480]
[40,"试剂","三唑磷标准物质","100μg/mL，1mL/支","支",4,null,59,null,null,50,80,{"$nulls":4},50,200]
[41,"试剂","三唑磷标准物质","1000ug/ml，1ml/支","支",4,null,147,142.8,{"$nulls":3},200,188,null,null,142.8,571.2]
[42,"试剂","杀螟硫磷标准物质","100μg/mL，1mL/支","支",4,null,35,null,null,50,50,{"$nulls":4},35,140]
[43,"试剂","杀螟硫磷标准物质","1000ug/ml，1ml/支","支",4,null,80,200,{"$nulls":3},200,188,null,null,80,320]
[44,"试剂","杀扑磷标准物质","100μg/mL，1mL/支","支",4,null,37,null,null,50,50,{"$nulls":4},37,148]
[45,"试剂","杀扑磷标准物质","1000ug/ml，1ml/支","支",4,null,105,102,{"$nulls":3},200,188,null,null,102,408]
[46,"试剂","水胺硫磷标准物质","100μg/mL，1mL/支","支",4,null,37,null,null,50,50,{"$nulls":4},37,148]
[47,"试剂","水胺硫磷标准物质","1000ug/ml，1ml/支","支",4,null,147,142.8,{"$nulls":3},200,188,null,null,142.8,571.2]
[48,"试剂","特丁硫磷标准物质","100μg/mL，1mL/支","支",4,null,33,null,null,50,80,{"$nulls":4},33,132]
[49,"试剂","特丁硫磷标准物质","1000ug/ml，1ml/支","支",4,null,140,140,{"$nulls":3},200,188,null,null,140,560]
[50,"试剂","亚胺硫磷标准物质","100μg/mL，1mL/支","支",4,null,59,null,null,50,80,{"$nulls":4},50,200]
[51,"试剂","亚胺硫磷标准物质","1000ug/ml，1ml/支","支",4,null,126,126,{"$nulls":3},200,188,null,null,126,504]
[52,"试剂","乙拌磷标准物质","100μg/mL，1mL/支","支",4,null,88,null,null,50,80,{"$nulls":4},50,200]
[53,"试剂","乙拌磷标准物质","1000ug/ml，1ml/支","支",4,null,220,{"$nulls":4},200,188,null,null,188,752]
[54,"试剂","乙腈","色谱级，4L/瓶","瓶",23,null,350,720,null,null,400,null,null,350,null,350,8050]
[55,"试剂","乙硫磷标准物质","100μg/mL，1mL/支","支",4,null,55,null,null,50,50,{"$nulls":4},50,200]
[56,"试剂","乙硫磷标准物质","1000ug/ml，1ml/支","支",4,null,220,142.8,{"$nulls":3},200,188,null,null,142.8,571.2]
[57,"试剂","治螟磷标准物质","100μg/mL，1mL/支","支",4,null,35,null,null,50,50,{"$nulls":4},35,140]
[58,"试剂","治螟磷标准物质","1000ug/ml，1ml/支","支",4,null,154,154,{"$nulls":3},200,188,null,null,154,616]
[59,"试剂","10种农药定制混合标准物质（见备注）","1.0ml/支，100ug/ml","支",1,"甲胺磷、治螟磷、特丁硫磷、二嗪磷、马拉硫磷、毒死蜱、水胺硫磷、甲基异柳磷、丙溴磷、三唑磷",840,null,null,600,{"$nulls":5},600,600]
[60,"试剂","10种农药定制混合标准物质（见备注）","1.0ml/支，100ug/ml","支",1,"敌敌畏、乙酰甲胺磷、氧乐果、甲拌磷、乐果、甲基对硫磷、杀螟硫磷、对硫磷、杀扑磷、亚胺硫磷",780,null,null,600,{"$nulls":5},600,600]
[61,"试剂","10种农药定制混合标准物质（见备注）","1.0ml/支，100ug/ml","支",1,"甲基内吸磷、丁基嘧啶磷、敌恶磷、倍硫磷、氧异柳磷、稻丰散、甲拌磷砜、碘硫磷、抑草磷、硫环磷",1050,{"$nulls":7},700,700,700]
[62,"耗材","15ml带塞尖底塑料离心管","15ml/支，50支/包","包",20,null,30,215,null,null,32,35,null,2,null,2,40]
[63,"耗材","玻璃样品瓶","15mL，100个/盒","盒",7,null,400,null,null,160,null,40,{"$nulls":3},40,280]
[64,"耗材","玻璃样品瓶","45mL-50mL，50个/盒","盒",2,null,780,{"$nulls":4},40,{"$nulls":3},40,80]
[65,"试剂","敌敌畏标准物质","100μg/mL，1mL/支","支",4,null,27,null,null,50,80,{"$nulls":4},27,108]
[66,"试剂","敌敌畏标准物质","1000ug/ml，1ml/支","支",2,null,60,60,{"$nulls":4},188,null,null,60,120]
[67,"试剂","伏杀硫磷标准物质","100μg/mL，1mL/支","支",2,null,37,{"$nulls":3},50,{"$nulls":4},37,74]
[68,"试剂","伏杀硫磷标准物质","1000ug/ml，1ml/支","支",4,null,116,116,{"$nulls":3},200,188,null,null,116,464]
[69,"试剂","甲基毒死蜱标准物质","100μg/mL，1mL/支","支",2,null,63,null,null,50,{"$nulls":5},50,100]
[70,"试剂","甲基毒死蜱标准物质","1000ug/ml，1ml/支","支",4,null,147,147,{"$nulls":3},200,188,null,null,147,588]
[71,"试剂","甲基硫环磷标准物质","100μg/mL，1mL/支","支",4,null,150,null,null,50,150,{"$nulls":4},50,200]
[72,"试剂","甲基硫环磷标准物质","1000ug/ml，1ml/支","支",2,null,220,204,{"$nulls":3},200,{"$nulls":3},200,400]
[73,"试剂","甲基异柳磷标准物质","100μg/mL，1mL/支","支",4,null,37,null,null,50,50,{"$nulls":4},37,148]
[74,"试剂","甲基异柳磷标准物质","1000ug/ml，1ml/支","支",2,null,147,147,{"$nulls":4},282,null,null,147,294]
[75,"试剂","甲萘威标准物质","100μg/mL，1mL/支","支",2,null,35,{"$nulls":3},80,{"$nulls":4},35,70]
[76,"试剂","甲萘威标准物质","1000ug/ml，1ml/支","支",4,null,116,116,{"$nulls":3},200,210,null,null,116,464]
[77,"耗材","具塞量筒","100mL","个",10,null,60,250,{"$nulls":7},60,600]
[78,"耗材","具塞量筒","250mL","个",16,null,100,330,{"$nulls":5},750,null,100,1600]
[79,"试剂","克百威标准物质","100μg/mL，1mL/支","支",2,null,53,{"$nulls":3},80,{"$nulls":4},53,106]
[80,"试剂","克百威标准物质","1000ug/ml，1ml/支","支",4,null,200,200,{"$nulls":3},200,210,null,null,200,800]
[81,"试剂","灭多威标准物质","100μg/mL，1mL/支","支",2,null,59,{"$nulls":3},80,{"$nulls":4},59,118]
[82,"试剂","灭多威标准物质","1000ug/ml，1ml/支","支",4,null,100,200,{"$nulls":3},200,210,null,null,100,400]
[83,"试剂","速灭磷标准物质","100μg/mL，1mL/支","支",4,null,66,null,null,50,80,{"$nulls":4},50,200]
[84,"试剂","速灭磷标准物质","1000ug/ml，1ml/支","支",2,null,154,240,{"$nulls":4},188,null,null,154,308]
[85,"试剂","涕灭威标准物质","100μg/mL，1mL/支","支",2,null,35,{"$nulls":3},80,{"$nulls":4},35,70]
[86,"试剂","涕灭威标准物质","1000ug/ml，1ml/支","支",4,null,60,200,{"$nulls":3},200,210,null,null,60,240]
[87,"试剂","涕灭威砜标准物质","100μg/mL，1mL/支","支",2,null,84,{"$nulls":3},80,{"$nulls":4},80,160]
[88,"试剂","涕灭威砜标准物质","1000ug/ml，1ml/支","支",4,null,200,200,{"$nulls":3},200,210,null,null,200,800]
[89,"试剂","涕灭威亚砜标准物质","100μg/mL，1mL/支","支",2,null,59,{"$nulls":3},80,{"$nulls":4},59,118]
[90,"试剂","涕灭威亚砜标准物质","1000ug/ml，1ml/支","支",4,null,105,200,{"$nulls":3},200,210,null,null,105,420]
[91,"试剂","氧乐果标准物质","100μg/mL，1mL/支","支",4,null,37,null,null,50,50,{"$nulls":4},37,148]
[92,"试剂","氧乐果标准物质","1000ug/ml，1ml/支","支",2,null,147,140,{"$nulls":4},188,null,null,140,280]
[93,"试剂","乙基溴硫磷标准物质","100μg/mL，1mL/支","支",2,null,62,null,null,50,{"$nulls":5},50,100]
[94,"试剂","乙基溴硫磷标准物质","1000ug/ml，1ml/支","支",4,null,99,{"$nulls":4},200,188,null,null,99,396]
[95,"试剂","乙酰甲胺磷标准物质","100μg/mL，1mL/支","支",4,null,37,null,null,50,50,{"$nulls":4},37,148]
[96,"试剂","乙酰甲胺磷标准物质","1000ug/ml，1ml/支","支",2,null,95,90,{"$nulls":4},188,null,null,90,180]
[97,"试剂","异柳磷标准物质","100μg/mL，1mL/支","支",2,null,39,{"$nulls":8},39,78]
[98,"试剂","异柳磷标准物质","1000ug/ml，1ml/支","支",4,null,220,200,{"$nulls":3},200,188,null,null,188,752]
[99,"耗材","10ml一次性无菌注射器","10ml（100支/盒）","盒",16,null,100,108.5,{"$nulls":3},40,80,null,null,40,640]
[100,"试剂","13种农药定制混合标准物质（见备注）","1.0ml/支，100ug/ml","支",1,"甲胺磷、治螟磷、特丁硫磷、除线磷、皮蝇磷、甲基嘧啶硫磷、溴硫磷、对硫磷、异柳磷、脱叶磷、杀扑磷、哌草磷、伏杀硫磷",750,{"$nulls":7},500,500,500]
[101,"试剂","13种农药定制混合标准物质（见备注）","1.0ml/支，100ug/ml","支",1,"乙嘧硫磷、速灭磷、硫线磷、胺丙畏、八甲磷、甲基立枯磷、地毒磷、马拉硫磷、喹硫磷、丙硫磷、三硫磷、哒嗪磷、特丁硫磷砜",1300,{"$nulls":7},860,860,860]
[102,null,"2-200μl移液枪头","20-200μl，1000个/包，适用于普兰德移液枪","包",10,null,203.5,{"$nulls":4},100,null,145,null,100,1000]
[103,"试剂","33种杀虫剂和杀菌剂混标溶液（见备注）","100μg/mL、1ml/支","支",5,"敌敌畏、甲胺磷、速灭磷、异丙威、乙酰甲胺磷、灭线磷、治螟磷、甲拌磷、特丁硫磷、地虫硫磷、除线磷、乐果、甲基嘧啶磷、乙烯菌核利、三氯杀螨醇、倍硫磷、乙基对氧磷、三唑酮、对硫磷、甲基异柳磷、硫丹、甲拌磷亚砜、异柳磷、喹硫磷、甲拌磷砜、联苯菊酯、三唑磷、苯硫磷、氯菊酯、吡嘧磷、氯氰菊酯、氰戊菊酯、溴氰菊酯",1500,{"$nulls":5},1120,null,null,1120,5600]
[104,"试剂","33种杀虫剂和杀菌剂混标溶液（见备注）","100μg/mL、1ml/支","支",5,"仲丁威、α-六六六、五氯硝基苯、氧乐果、二嗪磷、百治磷、γ-六六六、克百威、甲基毒死蜱、皮蝇磷、β-六六六、毒死蜱、甲基对硫磷、嘧啶磷、马拉硫磷、δ-六六六、杀螟硫磷、乙基溴硫磷、水胺硫磷、Z-杀虫畏、腐霉利、丙溴磷、杀扑磷、硫环磷、乙硫磷、甲氰菊酯、异菌脲、亚胺硫磷、氯氟氰菊酯、伏杀硫磷、氟氰戊菊酯、氟氯氰菊酯、氟胺氰菊酯",1500,{"$nulls":5},1120,null,null,1120,5600]
[105,"耗材","5ml一次性无菌注射器","5mL，100支/盒","盒",15,null,40,86.5,null,72,{"$nulls":3},60,null,40,600]
[106,null,"MAS-Q净化包","900mg 硫酸镁,150mg PSA 50支/盒","盒",40,null,485,667,{"$nulls":5},1087,null,485,19400]
[107,"试剂","百菌清标准物质","100μg/mL，1mL/支","支",2,null,35,{"$nulls":3},50,{"$nulls":4},35,70]
[108,"试剂","百菌清标准物质","1000ug/ml，1ml/支","支",2,null,70,135,{"$nulls":7},70,140]
[109,"试剂","百治磷标准物质","100μg/mL，1mL/支","支",2,null,55,{"$nulls":8},55,110]
[110,"试剂","百治磷标准物质","1000ug/ml，1ml/支","支",2,null,154,200,{"$nulls":3},200,188,null,null,154,308]
[111,"试剂","苯硫磷标准物质","100μg/mL，1mL/支","支",2,null,80,{"$nulls":8},80,160]
[112,"试剂","苯硫磷标准物质","1000ug/ml，1ml/支","支",2,null,220,{"$nulls":4},200,188,null,null,188,376]
[113,"试剂","吡菌磷标准物质","100μg/mL，1mL/支","支",2,null,39,{"$nulls":8},39,78]
[114,"试剂","吡菌磷标准物质","1000ug/ml，1ml/支","支",2,null,110,{"$nulls":4},200,188,null,null,110,220]
[115,"试剂","丙酮","色谱纯，4L/瓶","瓶",5,null,863,null,null,500,{"$nulls":5},500,2500]
[116,"试剂","丙酮","特定级S.U.\n500ml\\瓶","瓶",6,null,60,{"$nulls":3},280,{"$nulls":4},60,360]
[117,"耗材","玻璃瓶","15ml，透明，瓶径22mm，高70mm，100个/盒","盒",20,null,320,{"$nulls":6},40,null,40,800]
[118,"耗材","玻璃瓶","10ml，透明，瓶径22mm，高50mm，100个/盒","盒",20,null,225,{"$nulls":6},30,null,30,600]
[119,"试剂","地毒磷标准物质","100μg/mL，1mL/支","支",2,null,165,null,null,50,{"$nulls":5},50,100]
[120,"试剂","地毒磷标准物质","1000ug/ml，1ml/支","支",2,null,385,{"$nulls":5},465,null,null,385,770]
[121,"试剂","对氧磷标准物质","100μg/mL，1mL/支","支",2,null,180,null,null,50,{"$nulls":5},50,100]
[122,"试剂","对氧磷标准物质","1000ug/ml，1ml/支","支",2,null,264,240,{"$nulls":3},200,188,null,null,188,376]
[123,"试剂","恩诺沙星标准物质","100μg/mL，1mL/支","支",2,null,50,{"$nulls":3},80,{"$nulls":4},50,100]
[124,"试剂","恩诺沙星标准物质","1000ug/ml，1ml/支","支",2,null,100,200,{"$nulls":3},200,{"$nulls":3},100,200]
[125,"试剂","伐灭磷标准物质","100μg/mL，1mL/支","支",2,null,62,null,null,50,{"$nulls":5},50,100]
[126,"试剂","伐灭磷标准物质","1000ug/ml，1ml/支","支",2,null,220,200,{"$nulls":3},200,{"$nulls":3},200,400]
[127,"试剂","氟胺氰菊酯标准物质","100μg/mL，1mL/支","支",2,null,37,{"$nulls":3},80,{"$nulls":4},37,74]
[128,"试剂","氟胺氰菊酯标准物质","1000ug/ml，1ml/支","支",2,null,100,{"$nulls":8},100,200]
[129,"试剂","氟氯氰菊酯标准物质","100μg/mL，1mL/支","支",2,null,58,{"$nulls":3},80,{"$nulls":4},58,116]
[130,"试剂","氟氯氰菊酯标准物质","1000ug/ml，1ml/支","支",2,null,147,200,{"$nulls":7},147,294]
[131,"试剂","氟氰戊菊酯标准物质","100μg/mL，1mL/支","支",2,null,59,{"$nulls":3},80,{"$nulls":4},59,118]
[132,"试剂","氟氰戊菊酯标准物质","1000ug/ml，1ml/支","支",2,null,137,200,{"$nulls":7},137,274]
[133,"试剂","环丙沙星标准物质","100μg/mL，1mL/支","支",2,null,80,{"$nulls":3},80,{"$nulls":4},80,160]
[134,"试剂","环丙沙星标准物质","1000ug/ml，1ml/支","支",2,null,200,200,{"$nulls":3},200,{"$nulls":3},200,400]
[135,"试剂","甲胺磷标准物质","100μg/mL，1mL/支","支",2,null,30,null,null,50,{"$nulls":5},30,60]
[136,"试剂","甲胺磷标准物质","1000ug/ml，1ml/支","支",4,null,105,100,{"$nulls":3},200,188,null,null,100,400]
[137,"试剂","甲拌磷砜标准物质","100μg/mL，1mL/支","支",2,null,63,{"$nulls":3},100,{"$nulls":4},63,126]
[138,"试剂","甲拌磷砜标准物质","1000ug/ml，1ml/支","支",2,null,147,142.8,{"$nulls":4},188,null,null,142.8,285.6]
[139,"试剂","甲拌磷亚砜标准物质","100μg/mL，1mL/支","支",2,null,59,{"$nulls":3},100,{"$nulls":4},59,118]
[140,"试剂","甲拌磷亚砜标准物质","1000ug/ml，1ml/支","支",2,null,147,147,{"$nulls":4},188,null,null,147,294]
[141,"试剂","甲醇","色谱级，4L/瓶","瓶",5,null,206,{"$nulls":8},206,1030]
[142,"试剂","甲醇","色谱纯，500ml/瓶，10瓶/箱","箱",2,null,500,{"$nulls":6},450,null,450,900]
[143,"试剂","甲基嘧啶磷标准物质","100μg/mL，1mL/支","支",2,null,37,null,null,50,{"$nulls":5},37,74]
[144,"试剂","甲基嘧啶磷标准物质","1000ug/ml，1ml/支","支",2,null,105,102,{"$nulls":4},188,null,null,102,204]
[145,"试剂","甲氰菊酯标准物质","100μg/mL，1mL/支","支",2,null,50,{"$nulls":3},50,{"$nulls":4},50,100]
[146,"试剂","甲氰菊酯标准物质","1000ug/ml，1ml/支","支",2,null,100,204,{"$nulls":7},100,200]
[147,"试剂","久效磷标准物质","100μg/mL，1mL/支","支",2,null,50,50,null,null,50,{"$nulls":4},50,100]
[148,"试剂","久效磷标准物质","1000ug/ml，1ml/支","支",2,null,147,{"$nulls":4},200,{"$nulls":3},147,294]
[149,"耗材","口罩","活性炭口罩，耳带式，四层，50只/盒","盒",10,null,30,{"$nulls":6},23,null,23,230]
[150,"耗材","口罩","活性炭口罩，头带式，KN95，50只/盒","盒",5,null,120,{"$nulls":6},80,null,80,400]
[151,"试剂","联苯菊酯标准物质","100μg/mL，1mL/支","支",2,null,35,{"$nulls":3},50,{"$nulls":4},35,70]
[152,"试剂","联苯菊酯标准物质","1000ug/ml，1ml/支","支",2,null,105,105,{"$nulls":7},105,210]
[153,"试剂","磷胺标准物质","100μg/mL，1mL/支","支",2,null,59,null,null,50,80,{"$nulls":4},50,100]
[154,"试剂","磷胺标准物质","1000ug/ml，1ml/支","支",2,null,105,105,{"$nulls":7},105,210]
[155,"试剂","硫丹标准物质","100μg/mL，1mL/支","支",2,null,59,{"$nulls":3},80,{"$nulls":4},59,118]
[156,"试剂","硫丹标准物质","1000ug/ml，1ml/支","支",2,null,147,142.8,{"$nulls":7},142.8,285.6]
[157,"试剂","氯氟氰菊酯标准物质","100μg/mL，1mL/支","支",2,null,60,{"$nulls":3},80,{"$nulls":4},60,120]
[158,"试剂","氯氟氰菊酯标准物质","1000ug/ml，1ml/支","支",2,null,100,147,{"$nulls":7},100,200]
[159,"试剂","氯菊酯标准物质","100μg/mL，1mL/支","支",2,null,37,{"$nulls":3},50,{"$nulls":4},37,74]
[160,"试剂","氯菊酯标准物质","1000ug/ml，1ml/支","支",2,null,95,91.8,{"$nulls":7},91.8,183.6]
[161,"试剂","氯氰菊酯标准物质","100μg/mL，1mL/支","支",2,null,53,{"$nulls":3},80,{"$nulls":4},53,106]
[162,"试剂","氯氰菊酯标准物质","1000ug/ml，1ml/支","支",2,null,200,200,{"$nulls":7},200,400]
[163,"试剂","灭菌磷标准物质","100μg/mL，1mL/支","支",2,null,66,null,null,50,{"$nulls":5},50,100]
[164,"试剂","灭菌磷标准物质","1000ug/ml，1ml/支","支",2,null,154,154,{"$nulls":3},200,{"$nulls":3},154,308]
[165,"试剂","皮蝇磷标准物质","100μg/mL，1mL/支","支",2,null,39,null,null,50,{"$nulls":5},39,78]
[166,"试剂","皮蝇磷标准物质","1000ug/ml，1ml/支","支",2,null,110,102,{"$nulls":4},188,null,null,102,204]
[167,"耗材","气相进样瓶（带盖）","2mL，100个/盒","盒",11,null,1274,null,null,60,null,40,{"$nulls":3},40,440]
[168,"试剂","氰戊菊酯标准物质","100μg/mL，1mL/支","支",2,null,37,{"$nulls":3},50,{"$nulls":4},37,74]
[169,"试剂","氰戊菊酯标准物质","1000ug/ml，1ml/支","支",2,null,70,70,{"$nulls":7},70,140]
[170,"试剂","三氯杀螨醇标准物质","100μg/mL，1mL/支","支",2,null,35,{"$nulls":3},50,{"$nulls":4},35,70]
[171,"试剂","三氯杀螨醇标准物质","1000ug/ml，1ml/支","支",2,null,130,130,{"$nulls":7},130,260]
[172,"试剂","三羟基克百威标准物质","100μg/mL，1mL/支","支",2,null,105,{"$nulls":8},105,210]
[173,"试剂","三羟基克百威标准物质","1000ug/ml，1ml/支","支",2,null,200,200,{"$nulls":3},200,385,null,null,200,400]
[174,"试剂","三唑酮标准物质","100μg/mL，1mL/支","支",2,null,35,{"$nulls":3},80,{"$nulls":4},35,70]
[175,"试剂","三唑酮标准物质","1000ug/ml，1ml/支","支",2,null,147,147,{"$nulls":7},147,294]
[176,"试剂","杀虫畏标准物质","100μg/mL，1mL/支","支",2,null,60,null,null,50,{"$nulls":5},50,100]
[177,"试剂","杀虫畏标准物质","1000ug/ml，1ml/支","支",2,null,154,154,{"$nulls":3},200,188,null,null,154,308]
[178,"耗材","烧杯","5ml","个",20,null,5.5,{"$nulls":6},2,null,2,40]
[179,"耗材","烧杯","10ml","个",20,null,5.5,3.9,{"$nulls":5},3,null,3,60]
[180,"耗材","实验服","L码/件","件",8,null,132,{"$nulls":7},50,50,400]
[181,"耗材","实验服","XXL码/件","件",2,null,132,{"$nulls":7},50,50,100]
[182,"试剂","速灭威标准物质","100μg/mL，1mL/支","支",2,null,35,{"$nulls":8},35,70]
[183,"试剂","速灭威标准物质","1000ug/ml，1ml/支","支",2,null,110,110,{"$nulls":3},200,210,null,null,110,220]
[184,null,"微孔过滤膜","尼龙66、13mm、0.22um、100个/盒","盒",20,null,94,{"$nulls":8},94,1880]
[185,null,"微孔过滤膜","过滤器,尼龙，13 mm，0.2 µm，100个/包,适用于安捷伦气质联用仪8890-7000D","包",20,null,146,{"$nulls":6},140,null,140,2800]
[186,"耗材","微孔滤膜（有机相）","尼龙66、13mm、0.22um、100个/盒","盒",4,null,63,156,{"$nulls":3},25,{"$nulls":3},25,100]
[187,"耗材","微孔滤膜（有机相）","0.45µm，100个/盒","盒",4,null,63,{"$nulls":4},40,{"$nulls":3},40,160]
[188,"试剂","五氯硝基苯标准物质","100μg/mL，1mL/支","支",2,null,30,{"$nulls":3},80,{"$nulls":4},30,60]
[189,"试剂","五氯硝基苯标准物质","1000ug/ml，1ml/支","支",2,null,110,137,{"$nulls":7},110,220]
[190,"试剂","辛硫磷标准物质","100μg/mL，1mL/支","支",2,null,30,{"$nulls":3},80,{"$nulls":4},30,60]
[191,"试剂","辛硫磷标准物质","1000ug/ml，1ml/支","支",2,null,80,200,{"$nulls":4},188,null,null,80,160]
[192,"试剂","溴氰菊酯标准物质","100μg/mL，1mL/支","支",2,null,53,{"$nulls":3},50,{"$nulls":4},50,100]
[193,"试剂","溴氰菊酯标准物质","1000ug/ml，1ml/支","支",2,null,80,95,{"$nulls":7},80,160]
[194,"耗材","一次性塑料吸管","5毫升，100支/袋","袋",6,null,78,21,{"$nulls":3},14,{"$nulls":3},14,84]
[195,"耗材","一次性塑料吸管","1毫升，100支/袋","袋",2,null,57,{"$nulls":4},6,{"$nulls":3},6,12]
[196,"试剂","乙酸乙酯","色谱级，4L/瓶","瓶",3,null,550,550.8,{"$nulls":7},550,1650]
[197,"试剂","乙酸乙酯","色谱纯，500ml/瓶，10瓶/箱","箱",5,null,160,{"$nulls":6},860,null,160,800]
[198,"试剂","乙烯菌核利标准物质","100μg/mL，1mL/支","支",2,null,30,{"$nulls":3},80,{"$nulls":4},30,60]
[199,"试剂","乙烯菌核利标准物质","1000ug/ml，1ml/支","支",2,null,147,142.8,{"$nulls":7},142.8,285.6]
[200,"试剂","异丙威标准物质","100μg/mL，1mL/支","支",2,null,35,{"$nulls":8},35,70]
[201,"试剂","异丙威标准物质","1000ug/ml，1ml/支","支",2,null,100,142.8,{"$nulls":3},200,210,null,null,100,200]
[202,"试剂","异菌脲标准物质","100μg/mL，1mL/支","支",2,null,56,{"$nulls":3},80,{"$nulls":4},56,112]
[203,"试剂","异菌脲标准物质","1000ug/ml，1ml/支","支",2,null,147,142.8,{"$nulls":7},142.8,285.6]
[204,"试剂","仲丁威标准物质","100μg/mL，1mL/支","支",2,null,35,{"$nulls":8},35,70]
[205,"试剂","仲丁威标准物质","1000ug/ml，1ml/支","支",2,null,100,204,{"$nulls":3},200,210,null,null,100,200]
[206,"试剂","棕色样品瓶","15mL，100个/盒","盒",6,null,240,188,null,160,null,40,{"$nulls":3},40,240]
[207,"试剂","（Z）杀虫畏标准物质","1ml/支，1000μg/ml","支",2,null,250,{"$nulls":8},250,500]
[208,"试剂","中性氧化铝","粒度0.075mm-0.15mm，500g/瓶，分析纯","罐",5,"广州化学试剂厂",45,40,{"$nulls":7},40,200]
[209,"耗材","一次性抹布","挂式，600g","包",100,"希思利雅",20,{"$nulls":8},20,2000]
[210,"耗材","劳保线手套","棉线","对",100,"星工",65,30,{"$nulls":7},30,3000]
[211,"耗材","一次性无纺布手袖","40cm*16cm","对",50,null,45,{"$nulls":8},45,2250]
[212,null,"QuEChERS 净化管","Cleanert LipoNo柱，15 mL，50 支/包","盒",5,"艾杰尔MS-LN0415",1575,1575,{"$nulls":7},1575,7875]
[213,"试剂","赤霉酸","1mL/瓶、1000ug/ml、标准物质","支",2,"农业部环境保护科研所、环境质量监督检验测试中心、农产品质量标准研究中心",200,{"$nulls":8},200,400]
[214,"耗材","原子荧光空心阴极灯砷灯","适用于瑞利AF-2200仪器","盏",2,"瑞利",800,800,{"$nulls":7},800,1600]
[215,"耗材","微波消解内罐","1个控制罐（0号罐）+9个标准罐","套",2,"屹尧",25000,24000,{"$nulls":7},24000,48000]
[216,"试剂","9种β-受体激动剂 混合标准品","液体标准品，100μg/mL，1mL","瓶",1,null,1200,null,1200,{"$nulls":6},1200,1200]
[217,"试剂","孔雀石绿标准品（孔雀石绿）","液体标准品，100μg/mL，1mL","瓶",1,null,56,120,60,{"$nulls":6},56,56]
[218,"试剂","孔雀石绿标准品（隐性孔雀石绿）","液体标准品，100μg/mL，1mL","瓶",1,null,56,100,60,{"$nulls":6},56,56]
[219,"试剂","孔雀石绿标准品（同位素内标氘代孔雀石绿）","液体标准品，100μg/mL，1mL","瓶",1,null,160,500,160,{"$nulls":6},160,160]
[220,"试剂","孔雀石绿标准品（同位素内标氘代隐色孔雀石绿）","液体标准品，100μg/mL，1mL","瓶",1,null,120,350,350,{"$nulls":6},120,120]
[221,"试剂","磺胺类混合标准品（水产品）","液体标准品，100μg/mL，1mL","瓶",1,null,1100,600,735,{"$nulls":6},600,600]
[222,"试剂","喹诺酮类混合标准品（水产品）","液体标准品，100μg/mL，1mL","瓶",1,null,450,1428,550,{"$nulls":6},450,450]
[223,"试剂","氘代磺胺邻二甲氧嘧啶内标","液体标准品，100μg/mL，1mL","瓶",1,null,160,160,600,{"$nulls":6},160,160]
[224,"试剂","氘代磺胺间二甲氧嘧啶内标","液体标准品，100μg/mL，1mL","瓶",1,null,300,null,700,{"$nulls":6},300,300]
[225,"试剂","氘代诺氟沙星内标","液体标准品，100μg/mL，1mL","瓶",1,null,500,3000,400,{"$nulls":6},400,400]
[226,"试剂","氘代环丙沙星内标","液体标准品，100μg/mL，1mL","瓶",1,null,400,2500,400,{"$nulls":6},400,400]
[227,"试剂","氘代恩诺沙星内标","液体标准品，100μg/mL，1mL","瓶",1,null,240,2500,400,{"$nulls":6},240,240]
[228,"试剂","71种农药定制混合标准物质（见备注）","液体标准品，100μg/mL，1mL/支","支",5,"甲胺磷、对硫磷、甲基对硫磷、六六六、三氯杀螨醇、甲拌磷（包括甲拌磷砜和甲拌磷亚砜）、水胺硫磷、甲基异柳磷、氧乐果、氟虫腈（包括氟甲腈、氟虫腈硫醚、氟虫腈砜）、毒死蜱、三唑磷、乐果、乙酰甲胺磷、氰戊菊酯、敌敌畏、丙溴磷、杀螟硫磷、二嗪磷、马拉硫磷、亚胺硫磷、伏杀硫磷、氯氰菊酯、甲氰菊酯、氯氟氰菊酯、氟氯氰菊酯、溴氰菊酯、联苯菊酯、氟胺氰菊酯、氟氰戊菊酯、三唑酮、异菌脲、腐霉利、五氯硝基苯、乙烯菌核利、苯醚甲环唑、二甲戊灵、多效唑、氯菊酯、灭线磷、克百威、硫环磷、氯唑磷、倍硫磷(倍硫磷砜、倍硫磷亚砜）、久效磷、治螟磷、特丁硫磷、杀扑磷、硫丹、滴滴涕（4种代谢物）",9200,null,300,{"$nulls":6},300,1500]
[229,"试剂","60种农药定制混合标准物质（见备注）","液体标准品，100μg/mL，1mL/支","支",5,"灭线磷、克百威（包括3-羟基克百威）、涕灭威（包括涕灭威砜和涕灭威亚砜）、灭多威、内吸磷、硫环磷、氯唑磷、辛硫磷、甲萘威、多菌灵、吡虫啉、倍硫磷(倍硫磷砜、倍硫磷亚砜）、丙环唑、多杀霉素、啶虫脒、哒螨灵、嘧霉胺、甲氨基阿维菌素苯甲酸盐、烯酰吗啉、咪鲜胺、嘧菌酯、噻虫嗪、氟啶脲、灭幼脲、甲霜灵、霜霉威、氯吡脲、氯虫苯甲酰胺、醚菊酯、虫酰肼、吡唑醚菊酯、戊唑醇、乙基多杀霉素、抑霉唑、噻虫胺、阿维菌素、除虫脲、腈苯唑、茚虫威、噻嗪酮、甲胺磷、对硫磷、甲拌磷（包括甲拌磷砜和甲拌磷亚砜）、水胺硫磷、甲基异柳磷、氧乐果、氟虫腈（包括氟甲腈、氟虫腈硫醚、氟虫腈砜）、毒死蜱、三唑磷、乐果、乙酰甲胺磷、敌敌畏、仲丁威、异菌脲、苯醚甲环唑、二甲戊灵、多效唑、治螟磷、特丁硫磷、杀扑磷",15000,null,300,{"$nulls":6},300,1500]
[230,"耗材","棕色螺口玻璃样品瓶","15ml，50个/盒","盒",5,null,245,null,300,{"$nulls":6},245,1225]
[231,"耗材","玻璃进样瓶（带盖）","2ml，100个/盒","盒",20,null,145,null,300,{"$nulls":6},145,2900]
[232,null,"斩切刀（90Cr18MoV不锈钢）","刀长31.5cm","套",2,null,120,{"$nulls":8},120,240]
[233,null,"多用刀（400系列不锈钢）","刀长30.5cm","套",2,null,130,{"$nulls":8},130,260]
[234,null,"全不锈钢厨房剪（SB3030）","总长长20cm","套",2,null,150,{"$nulls":8},150,300]
[235,null,"塑料砧板","30cm*40cm","套",2,null,60,{"$nulls":8},60,120]
[236,"试剂","稻丰散标准物质","100μg/mL，1mL/支","支",2,null,39,142.8,null,50,{"$nulls":5},39,78]
[237,"试剂","溴硫磷标准物质","100μg/mL，1mL/支","支",2,null,55,null,null,50,{"$nulls":5},50,100]
[238,"试剂","虫螨磷标准物质","100μg/mL，1mL/支","支",2,null,62,null,null,50,{"$nulls":5},50,100]
[239,"试剂","乙嘧硫磷标准物质","100μg/mL，1mL/支","支",2,null,62,230,null,50,{"$nulls":5},50,100]
[240,"试剂","胺丙畏标准物质","100μg/mL，1mL/支","支",2,null,198,null,null,50,{"$nulls":5},50,100]
[241,"试剂","硫线磷标准物质","100μg/mL，1mL/支","支",2,null,88,102,null,50,{"$nulls":5},50,100]
[242,"试剂","异稻瘟净标准物质","100μg/mL，1mL/支","支",2,null,39,176,null,50,{"$nulls":5},39,78]
[243,"试剂","甲基对氧磷标准物质","100μg/mL，1mL/支","支",2,null,39,null,null,50,{"$nulls":5},39,78]
[244,"试剂","硫丙磷标准物质","100μg/mL，1mL/支","支",2,null,67,null,null,50,{"$nulls":5},50,100]
[245,"耗材","10-100μl移液枪头","1000只/包，适用大龙牌移液枪","包",2,null,201,null,null,57,{"$nulls":5},57,114]
[246,"耗材","100-1000μl移液枪头","500只/包，适用大龙牌移液枪","包",2,null,98,null,null,57,{"$nulls":5},57,114]
[247,"耗材","5000μl移液枪头","100只/包，适用大龙牌移液枪","包",8,null,101,null,null,65,{"$nulls":5},65,520]
[248,"耗材","微孔过滤膜（有机相）","尼龙66、13mm、0.22um、100个/盒","盒",5,null,63,null,null,80,{"$nulls":5},63,315]
[249,"耗材","塑料废液桶","10L/个，耐酸碱，适用于化工废液","个",2,null,53,null,null,75,{"$nulls":5},53,106]
[250,"试剂","盐酸克伦特罗、莱克多巴胺、沙丁胺醇三联卡","三联胶体金检测卡，灵敏度3-5-5μg/kg","条",51000,null,9,{"$nulls":8},9,459000]
[251,"试剂","沙拉沙星标准物质","100μg/mL，1mL/支","支",2,null,80,{"$nulls":3},80,{"$nulls":4},80,160]
[252,"试剂","达氟沙星标准物质","100μg/mL，1mL/支","支",2,null,27,200,null,null,80,{"$nulls":4},27,54]
[253,"试剂","磺胺甲噁唑标准物质","100μg/mL，1mL/支","支",2,null,60,{"$nulls":3},80,{"$nulls":4},60,120]
[254,"试剂","磺胺间二甲氧嘧啶标准物质","100μg/mL，1mL/支","支",2,null,27,{"$nulls":3},80,{"$nulls":4},27,54]
[255,"试剂","磺胺二甲嘧啶标准物质","100μg/mL，1mL/支","支",2,null,25,{"$nulls":3},80,{"$nulls":4},25,50]
[256,"试剂","蝇毒磷标准物质","100μg/mL，1mL/支","支",2,null,42,{"$nulls":3},80,{"$nulls":4},42,84]
[257,"试剂","β-六六六标准物质","100μg/mL，1mL/支","支",2,null,30,76.5,null,null,50,{"$nulls":4},30,60]
[258,"试剂","δ-六六六标准物质","100μg/mL，1mL/支","支",2,null,53,204,null,null,50,{"$nulls":4},50,100]
[259,"试剂","α-六六六标准物质","100μg/mL，1mL/支","支",2,null,30,102,null,null,50,{"$nulls":4},30,60]
[260,"试剂","γ-六六六标准物质","100μg/mL，1mL/支","支",2,null,53,102,null,null,50,{"$nulls":4},50,100]
[261,"试剂","腐霉利/速克灵标准物质","100μg/mL，1mL/支","支",2,null,37,{"$nulls":3},50,{"$nulls":4},37,74]
[262,"试剂","3-羟基克百威标准物质","100μg/mL，1mL/支","支",2,null,105,{"$nulls":3},80,{"$nulls":4},80,160]
[263,"试剂","磺胺喹噁啉标准物质","100μg/mL，1mL/支","支",2,null,60,{"$nulls":3},80,{"$nulls":4},60,120]
[264,"试剂","正己烷"," 色谱级，4L/瓶","瓶",5,null,550,{"$nulls":3},500,{"$nulls":4},500,2500]
[265,"试剂","V03P试剂盒","25套\\盒","盒",6,null,1000,{"$nulls":3},800,{"$nulls":4},800,4800]
[266,null,"气相色谱住（7HG-G017-10）","30m*0.25mm*0.20μm","根",2,null,9018,{"$nulls":3},9000,{"$nulls":4},9000,18000]
[267,null,"液相色谱住","EC-C18 2.7μm，1000bar\n2.1*100mm","根",3,null,9010,{"$nulls":3},9000,{"$nulls":4},9000,27000]
[268,"耗材","石墨管","/","盒",1,null,11450,8290,null,null,5000,{"$nulls":4},5000,5000]
[269,null,"方形过滤网","/","个",10,null,20,{"$nulls":3},5,{"$nulls":4},5,50]
[270,null,"不锈钢挂式沥水架","/","个",5,null,300,{"$nulls":3},10,{"$nulls":4},10,50]
[271,null,"伸缩洗菜篮沥水架","/","个",5,null,80,{"$nulls":3},10,{"$nulls":4},10,50]
[272,"耗材","50-1000μl移液枪头","500个/袋","袋",4,null,280,{"$nulls":4},70,{"$nulls":3},70,280]
[273,"耗材","0.1-5mL移液枪头","500个/袋","袋",4,null,300,{"$nulls":4},750,{"$nulls":3},300,1200]
[274,"耗材","100ml带塞尖底塑料离心管","100mL/支","支",400,null,200,{"$nulls":4},3,{"$nulls":3},3,1200]
[275,"耗材","10ml带塞尖底塑料离心管","10ml/支","支",400,null,89,{"$nulls":4},1,{"$nulls":3},1,400]
[276,"耗材","一次薄膜手套","400只/盒","盒",10,null,70,{"$nulls":4},25,{"$nulls":3},25,250]
[277,"耗材","活性碳口罩","50只/盒","盒",10,null,35,{"$nulls":4},15,{"$nulls":3},15,150]
[278,"耗材","液相进样瓶（带盖）","100个/盒，带100个盖","盒",4,null,180,{"$nulls":4},40,{"$nulls":3},40,160]
[279,null,"柱后衍生化试剂","内含：邻苯二甲醇一瓶；巯基化合物一瓶；opa稀释剂950ml/瓶x4；水解试剂950ml/瓶x4","套",6,null,9200,{"$nulls":4},6500,{"$nulls":3},6500,39000]
[280,"试剂","乙酸铵分析纯","500g/瓶","瓶",2,null,35,23.97,{"$nulls":3},13,{"$nulls":3},13,26]
[281,"试剂","柠檬酸分析纯","500g/瓶","瓶",2,null,45,31.62,{"$nulls":3},20,{"$nulls":3},20,40]
[282,"试剂","残杀威标准物质","1000ug/ml，1ml/支","支",2,null,79,76.5,{"$nulls":3},200,{"$nulls":3},76.5,153]
[283,"试剂","混杀威标准物质","1000ug/ml，1ml/支","支",2,null,1100,{"$nulls":4},200,{"$nulls":3},200,400]
[284,"试剂","诺氟沙星标准物质","1000ug/ml，1ml/支","支",2,null,60,1850,{"$nulls":3},1000,{"$nulls":3},60,120]
[285,"试剂","氧氟沙星标准物质","1000ug/ml，1ml/支","支",2,null,60,856.8,{"$nulls":3},1000,{"$nulls":3},60,120]
[286,"试剂","恶喹酸标准物质","1000ug/ml，1ml/支","支",2,null,200,200,{"$nulls":3},200,{"$nulls":3},200,400]
[287,"试剂","氟甲喹标准物质","1000ug/ml，1ml/支","支",2,null,160,160,{"$nulls":3},200,{"$nulls":3},160,320]
[288,"试剂","益棉磷（乙基谷硫磷）标准物质","1000ug/ml，1ml/支","支",2,null,110,110,{"$nulls":3},200,{"$nulls":3},110,220]
[289,"试剂","胺丙畏（巴胺磷）标准物质","1000ug/ml，1ml/支","支",2,null,440,408,{"$nulls":3},200,{"$nulls":3},200,400]
[290,"试剂","地毒磷（毒壤磷）标准物质","1000ug/ml，1ml/支","支",2,null,385,357,{"$nulls":3},200,{"$nulls":3},200,400]
[291,"耗材","PM996封口膜","—","盒",6,null,250,140,{"$nulls":3},150,{"$nulls":3},140,840]
[292,"耗材","微孔滤膜（水相）","0.22µm，100个/盒","盒",4,null,120,156,{"$nulls":3},25,{"$nulls":3},25,100]
[293,"耗材","变色硅胶","500g/瓶","瓶",2,null,35,28,{"$nulls":3},15,{"$nulls":3},15,30]
[294,"耗材","氧化锆珠","500g/袋","袋",2,null,50,{"$nulls":4},150,{"$nulls":3},50,100]
[295,"耗材","一次性塑料离心管（平底）","100mL/支","支",100,null,15,{"$nulls":4},3,{"$nulls":3},3,300]
[296,"试剂","（乙基）对氧磷标准物质","1ml/支，1000μg/ml","支",2,null,264,244.8,{"$nulls":7},244.8,489.6]
[297,"试剂","除线磷标准物质","1ml/支，1000μg/ml","支",2,null,176,{"$nulls":5},188,null,null,176,352]
[298,"试剂","alpha-六六六标准物质","1ml/支，1000μg/ml","支",2,null,105,102,{"$nulls":7},102,204]
[299,"试剂","beta-六六六标准物质","1ml/支，1000μg/ml","支",2,null,79,76.5,{"$nulls":7},76.5,153]
[300,"试剂","gamma-六六六标准物质","1ml/支，1000μg/ml","支",2,null,105,102,{"$nulls":7},102,204]
[301,"试剂","delta-六六六标准物质","1ml/支，1000μg/ml","支",2,null,120,204,{"$nulls":7},120,240]
[302,"试剂","腐霉利标准物质","1ml/支，1000μg/ml","支",2,null,147,147,{"$nulls":7},147,294]
[303,"耗材","试管","16×100mm（100支/盒 得泰C1610100）","盒",12,null,280,{"$nulls":5},70,null,null,70,840]
[304,"耗材","进样瓶盖","VEAP-5394-09B-100","盒",12,null,110,{"$nulls":5},75,null,null,75,900]
[305,"耗材","透明螺纹自动进样瓶","VAAP-32009E-1232-100","盒",12,null,125,{"$nulls":5},57.5,null,null,57.5,690]
[306,"耗材","15ml透明螺纹样品瓶（含盖子）","100个/盒","盒",6,null,240,{"$nulls":5},88,null,null,88,528]
[307,"试剂","国家标准样品-铅","1000ug/mL","支",1,null,84,85,{"$nulls":4},60,null,null,60,60]
[308,"试剂","国家标准样品-砷","1000ug/mL","支",1,null,84,97,{"$nulls":4},75,null,null,75,75]
[309,"试剂","国家标准样品-镉","1000ug/mL","支",1,null,84,85,{"$nulls":4},60,null,null,60,60]
[310,"耗材","2ml一次性无菌注射器","2ml，150支/包","包",20,null,112,{"$nulls":6},55,null,55,1100]
[311,"耗材","1ml移液枪枪头","0.1-1ml，500个/包，适用于普兰德移液枪","包",10,null,125,155,{"$nulls":5},165,null,125,1250]
[312,"耗材","5ml移液枪枪头","0.5-5ml，200个/包，适用于普兰德移液枪","包",20,null,417,350,{"$nulls":5},270,null,270,5400]
[313,"耗材","10ml移液枪枪头","1-10mL，100个/包，适用于普兰德移液枪","包",20,null,350,333.03,{"$nulls":5},260,null,260,5200]
[314,"耗材","300μl移液枪枪头","30-300μl，1000个/包，适用于普兰德8枪头移液枪","包",10,null,343,{"$nulls":6},260,null,260,2600]
[315,"试剂","二氯甲烷","500ml/瓶，分析纯","瓶",20,null,25,30,{"$nulls":5},60,null,25,500]
[316,null,"QUECHERS提取试剂包","固相萃取柱,QuEChERS 萃取盐，带管，EN 方法，带陶瓷均质子，50包/盒","盒",40,null,2655,{"$nulls":6},1692,null,1692,67680]
[317,null,"QUECHERS净化试剂包（深色）","885mg 硫酸镁,150mg PSA,15mgGCB 50支/盒","盒",20,null,880,{"$nulls":6},1318,null,880,17600]
[318,"耗材","宽颈三角烧瓶","250ml，瓶颈外径50mm，瓶外径85mm，高度136mm","个",20,null,120,{"$nulls":6},15,null,15,300]
[319,"耗材","鸡心瓶","150ml，内径29mm","个",20,null,45,{"$nulls":6},12,null,12,240]
[320,"耗材","吸量管架","有机玻璃，梯形","个",2,null,55,{"$nulls":6},33,null,33,66]
[321,"耗材","色谱瓶","螺口，透明，带书写签，经认证，2 mL，100个/包,适用于安捷伦气质联用仪8890-7000D","包",30,null,230,{"$nulls":6},187,null,187,5610]
[322,"耗材","色谱瓶盖","塑料瓶盖,瓶盖，螺口，蓝色，PTFE/红色硅橡胶隔垫，500个/包，与上述色谱瓶匹配","包",6,null,2260,{"$nulls":6},860,null,860,5160]
[323,"耗材","样品瓶","300ml,塑料，带盖，可低温冷冻","个",1500,null,6,5.8,{"$nulls":5},0.45,null,0.45,675]
[324,"耗材","废液桶","25L，圆桶型，高度460mm，直径313mm，口径210mm，塑料，耐酸碱，适用于化工废液","个",4,null,70,30,{"$nulls":5},60,null,30,120]
[325,null,"离子源陶瓷绝缘片","参考安捷伦型号G1099-20133,适用于安捷伦气质联用仪8890-7000D","个",2,"安捷伦",300,{"$nulls":6},1748,null,300,600]
[326,null,"隔垫头","参考安捷伦型号18740-60830，适用于安捷伦气质联用仪8890-7000D","个",2,"安捷伦",300,{"$nulls":6},2138,null,300,600]
[327,"试剂","12种农药定制混合标准物质（见备注）","1.0ml/支，100ug/ml","支",1,"敌敌畏、乙拌磷、乐果、毒死蜱、嘧啶磷、甲基异柳磷、水胺硫磷、丙虫磷、灭菌磷、硫丙磷、三唑磷、亚胺硫磷",750,{"$nulls":7},500,500,500]
[328,"试剂","11种农药定制混合标准物质（见备注）","1.0ml/支，100ug/ml","支",1,"灭线磷、甲拌磷、二嗪磷、氯唑磷、甲基毒死蜱、甲基对硫磷、杀螟硫磷、乙基溴硫磷、丙溴磷、乙硫磷、丰索磷",850,{"$nulls":7},570,570,570]
[329,null,"氮吹仪","/","台",10,"Detelogy",7800,{"$nulls":7},7800,7800,78000]
[330,null,"防交叉污染导管（PTFE)","100支/包","包",10,"上海安谱",850,{"$nulls":7},775,775,7750]
[331,null,"研磨机十字刀底座+150mL杯子","150mL/个","个",10,null,50,{"$nulls":7},50,50,500]
[{"$nulls":17},671708.4]